{"text_format":"1","workbook":"xlsx","n_sheets":3,"sheets":["Lamor frequencies","OMe Rechnung","Br Rechnung"],"not_rendered":{"charts":8,"images":2,"macros":1,"external_links":0,"defined_names":0,"comments":0,"pivot_tables":0},"unopened":[{"sheet":"Lamor frequencies","index":0,"reason":"not_a_worksheet"}],"bounds":{"document_bytes":16777216,"sheet_cells":100000,"rows_first":2000,"rows_last":500,"rows_between":2000,"halvings":0,"cell_chars":16384,"cell_head_chars":4096},"cells_cut":0,"cells_raw":0,"read":"whole","date_system":"1900"}

{"sheet":"OMe Rechnung","index":1,"n_rows":197,"n_cols":48,"rows_kept":197,"cut":false,"hidden":false,"merged":[]}
[null,null,null,"Thermodynamic Parameter","ΔH",{"$f":"H1*F2","v":26707.104294478529},"T1/2",342.398773006135]
["Field parameter",null,null,null,"ΔS",78]
["Magnet",500,"MHz",null,"R",8.3144589999999994,null,null,null,"NMR parameter"]
[null,null,null,"Arrhenius Parameter","AHSLS",1313596531.4391,"ALSHS",{"$f":"F4*EXP(F2/F6)","v":15584258214094.609},null,"C0",26410.01]
[null,null,null,null,"EaHSLS",13600,"EaLSHS",{"$f":"F5+F1","v":40307.104294478529},null,"C1",-17.690000000000001]
["H7",null,null,null,"R",8.3144589999999994,null,null,null,null,null,null,null,null,null,null,null,null,null,null,null,null,null,null,null,null,null,null,null,null,null,null,null,null,null,null,null,null,null,null,null,"approximation"]
[null,null,"kHSLS","kLSHS","γHS","γLS","γHS γLS","Δω",null,null,null,null,"Relaxation Parameter",null,null,null,null,null,null,null,null,null,null,null,null,"π LW (plus transition)",null,"π LW (minus transition)",null,null,"Lamorfrequenz plus transition",null,"Lamorfrequenz (minus transition)",null,null,null,null,"lamor_HS HS_fraction",null,"R2HS-LW",null,"gHsGLS/Kex*dw^2","γHSγLS","dw^2","γHS R2HS","R2Hs*gHs","Texp","π LW experiment (H7)"]
["T",173,{"$f":"$F$4*EXP(-$F$5/($F$3*B8))","v":102856.8978908503},{"$f":"$H$4*EXP(-$H$5/($F$3*B8))","v":10.539492977522919},{"$f":"D8/(D8+C8)","v":1.0245703835507301E-4},{"$f":"C8/(D8+C8)","v":0.9998975429616449},{"$f":"F8*E8","v":1.0244654091036451E-4},{"$f":"500*2*PI()*($K$4/B8+$K$5)","v":424017.67334084609},"K",{"$f":"D8/C8","v":1.024675368754288E-4},"kex",{"$f":"D8+C8","v":102867.43738382783},"R2HS",955.11065567065657,"R2LS",0.1,"coeff Rm",8.5931722520870391E-5,"coeff Rp",0.99991406827747931,"coeff Im",-4.4270072329171469E-5,"coeff Ip",4.4270072329171469E-5,"Lam_Rp",10.048995136072335,"Lam_Rm",103812.5990443624,null,"Lam_Ip",-2.4120941234286875,"Lam_Im",-424015.26124672225,null,"LamorHS",-424017.67334084568,{"$f":"(AJ8-AG8)/(2*PI()*500)","v":-7.6779340589317596E-4},{"$f":"AJ8*E8","v":-43.443595020711847},{"$f":"(AL8-AE8)/(2*PI()*500)","v":-1.3060732380564308E-2},{"$f":"AB8-N8","v":102857.48838869175},{"$f":"C8+N8","v":103812.00854652096},{"$f":"(G8/L8)*(H8*H8)+N8*E8","v":179.15320520312088},{"$f":"(G8/L8)","v":9.959083604669491E-10},{"$f":"(H8*H8)","v":179790987305.38446},{"$f":"N8*E8","v":9.7857809081387387E-2},null,323.237865,763.40701482231975]
["T",{"$f":"B8+10","v":183},{"$f":"$F$4*EXP(-$F$5/($F$3*B9))","v":172431.8536885808},48.734862105716374,{"$f":"D9/(D9+C9)","v":2.8255273544242781E-4},{"$f":"C9/(D9+C9)","v":0.99971744726455758},{"$f":"F9*E9","v":2.8247289939412182E-4},397810.43577894173,"K",2.8263259405500327E-4,"kex",{"$f":"D9+C9","v":172480.58855068652},"R2HS",727.68973269640969,"R2LS",0.1,"coeff Rm",1.6250159277934854E-4,"coeff Rp",0.99983749840722069,"coeff Im",-1.7329625225817236E-4,"coeff Ip",1.7329625225817236E-4,"Lam_Rp",41.105206150692538,"Lam_Rm",173167.27307723224,null,"Lam_Ip",-17.761253782751737,"Lam_Im",-397792.6745251586,null,"LamorHS",-397810.43577894132,{"$f":"(AJ9-AG9)/(2*PI()*500)","v":-5.6535826700598634E-3},{"$f":"AJ9*E9","v":-112.40242681688413},{"$f":"(AL9-AE9)/(2*PI()*500)","v":-3.0125221016795125E-2},172439.58334453584,173159.54342127719,259.3781034943114,1.6377083460096849E-9,158253142814.63153,0.20561072452673965,null,312.36686499999996,958.18575934488695]
["T",{"$f":"B9+10","v":193},273999.22610247432,192.28516193664967,7.0128050664275822E-4,0.99929871949335725,7.0078871229376112E-4,374318.97413018806,"K",7.0177264611957703E-4,"kex",274191.51126441098,"R2HS",576.60287259046959,"R2LS",0.1,"coeff Rm",1.3799990101240605E-4,"coeff Rp",0.99986200009898762,"coeff Im",-4.3466880091894822E-4,"coeff Ip",4.3466880091894822E-4,"Lam_Rp",125.2460656419571,"Lam_Rm",274642.96807135944,null,"Lam_Ip",-91.547596510266885,"Lam_Im",-374227.42653367744,null,"LamorHS",-374318.97413018771,{"$f":"(AJ10-AG10)/(2*PI()*500)","v":-2.9140505025582648E-2},-262.50259982401553,-5.4416667647348892E-2,274066.36519876897,274575.8289750648,358.51463081821123,2.5558366452051457E-9,140114694393.8764,0.40436035462191428,null,301.49586499999998,1043.0087609918114]
["T",203,415973.08455034462,662.70789565312691,1.5906168112981406E-3,0.99840938318870176,1.5880867494577561E-3,353141.94220052351,"K",1.593150903908833E-3,"kex",416635.79244599777,"R2HS",458.2630897703599,"R2LS",0.1,"coeff Rm",-1.0875048517511174E-4,"coeff Rp",1.0001087504851751,"coeff Im",-6.5612239168870478E-4,"coeff Ip",6.5612239168870478E-4,"Lam_Rp",277.40318320991355,"Lam_Rm",416816.75235255819,null,"Lam_Ip",-326.74600600579288,"Lam_Im",-352815.19619451737,null,"LamorHS",-353141.94220052316,-0.10400648398271213,-561.71351003862844,-7.4792479465581277E-2,416358.48926278786,416431.34764011495,476.08193053058795,3.8116906378455134E-9,124709231341.15788,0.72892097458616345,null,296.06036499999999,1021.0176124166827]
["T",213,607234.1090716609,2033.4834498461862,3.3375867595885705E-3,0.99666241324041149,3.3264472742107897E-3,333953.36397317477,"K",3.3487635484689329E-3,"kex",609267.59252150706,"R2HS",380.46469465577866,"R2LS",0.1,"coeff Rm",-4.1606353247993427E-4,"coeff Rp",1.0004160635324799,"coeff Im",-6.4922050590628501E-4,"coeff Ip",6.4922050590628501E-4,"Lam_Rp",470.32626517966855,"Lam_Rm",609177.8309509831,null,"Lam_Ip",-857.6450783922046,"Lam_Im",-333095.71889478224,null,"LamorHS",-333953.36397317448,-0.27299690728912018,-1114.5983259169298,{"$f":"(AL12-AE12)/(2*PI()*500)","v":-8.1790758974150668E-2},608797.36625632737,607614.57376631664,610.16736195008048,5.4597475970189018E-9,111524849308.99974,1.2698339273740351,null,290.624865,1124.690169985146]
["T",223,856865.13834474783,5642.7306341338117,6.5422366996074014E-3,0.99345776330039259,6.4994358385737118E-3,316485.73446576769,"K",6.5853194179823632E-3,"kex",862507.86897888163,"R2HS",307.84760802482521,"R2LS",0.1,"coeff Rm",-5.9334731783762247E-4,"coeff Rp",1.0005933473178377,"coeff Im",-4.9784581687884225E-4,"coeff Ip",4.9784581687884225E-4,"Lam_Rp",669.01060942711774,"Lam_Rm",862146.80597747932,null,"Lam_Ip",-1827.2590333524277,"Lam_Im",-314658.47543241497,null,"LamorHS",-316485.7344657674,-0.58163461493471469,-2070.5245869241467,-7.7433830669850712E-2,861838.95836945449,857172.98595277267,756.79486200895246,7.5355090339852294E-9,100163220120.33641,2.0140119191063652,null,279.75386499999996,1196.9468010177111]
["T",233,1173900.6344831157,14344.681141540883,1.2072154590401167E-2,0.98792784540959888,1.1926417673946624E-2,300517.47229805222,"K",1.2219672364226159E-2,"kex",1188245.3156246566,"R2HS",253.45005510579065,"R2LS",0.1,"coeff Rm",-6.3657504941298142E-4,"coeff Rp",1.0006365750494131,"coeff Im",-3.3671073264323844E-4,"coeff Ip",3.3671073264323844E-4,"Lam_Rp",857.52300909662154,"Lam_Rm",1187641.3426706661,null,"Lam_Ip",-3415.2443394006987,"Lam_Im",-297102.22795865126,null,"LamorHS",-300517.47229805193,-1.0871060369644625,-3627.8933826986831,-6.768829276927342E-2,1187387.8926155602,1174154.0845382216,909.50865511881159,1.0036999529576892E-8,90310751156.410583,3.0596882461827994,null,268.88286499999998,1155.7919372556848]
["T",243,1567103.2795424524,33770.893783163898,2.1095283030901222E-2,0.97890471696909875,2.0650272064747392E-2,285863.470391054,"K",2.1549883931724013E-2,"kex",1600874.1733256164,"R2HS",208.55817428218319,"R2LS",0.1,"coeff Rm",-6.0388813617251404E-4,"coeff Rp",1.0006038881361725,"coeff Im",-2.1419325538069204E-4,"coeff Ip",2.1419325538069204E-4,"Lam_Rp",1028.8522844987456,"Lam_Rm",1600053.9792153996,null,"Lam_Ip",-5853.4303427764971,"Lam_Im",-280010.04004827724,null,"LamorHS",-285863.47039105376,-1.8632047461939432,-6030.37081609493,-5.6321901923296419E-2,1599845.4210411175,1567311.8377167345,1058.5095201363131,1.2899372360945164E-8,81717923704.016998,4.3995937148906785,null,258.01186499999994,1118.4069846779664]
["T",253,2044775.4318899652,74301.712397980315,3.5063240901004218E-2,0.96493675909899568,3.3833810038522358E-2,272367.88760713872,"K",3.633734601814146E-2,"kex",2119077.1442879457,"R2HS",170.34943225645023,"R2LS",0.1,"coeff Rm",-5.3612209181399953E-4,"coeff Rp",1.0005361220918139,"coeff Im",-1.3093222237122134E-4,"coeff Ip",1.3093222237122134E-4,"Lam_Rp",1174.1838238791097,"Lam_Rm",2118073.4098963235,null,"Lam_Ip",-9408.8643782040017,"Lam_Im",-262959.02322893444,null,"LamorHS",-272367.88760713843,-2.9949345493448338,-9550.1008568667366,-4.4956967448134544E-2,2117903.0604640669,2044945.7813222217,1190.4208545526624,1.5966294634304702E-8,74184266199.574951,5.973003180557213,null,247.14086499999996,1137.2565405995051]
["T",263,2614608.6721385354,153961.73237324579,5.5610553418595797E-2,0.94438944658140411,5.2518019767073293E-2,259898.58488283673,"K",5.8885191506428271E-2,"kex",2768570.4045117814,"R2HS",144.45934239950543,"R2LS",0.1,"coeff Rm",-4.5373164471712118E-4,"coeff Rp",1.0004537316447171,"coeff Im",-7.6866174222976587E-5,"coeff Ip",7.6866174222976587E-5,"Lam_Rp",1280.9911047203932,"Lam_Rm",2767433.9727494605,null,"Lam_Ip",-14345.386841477099,"Lam_Im",-245553.19804135937,null,"LamorHS",-259898.58488283647,-4.566278452773024,-14453.104138044431,-3.4287480410373265E-2,2767289.5134070609,2614753.131480935,1289.3622998399726,1.8969364001539449E-8,67547274424.101089,8.0334639773229171,null,236.26986499999998,983.31850057360521]
["T",273,3283571.3050605268,302444.88568548916,8.4340078125126963E-2,0.91565992187487311,7.7226829346974446E-2,248342.78418961912,"K",9.210851770429701E-2,"kex",3586016.1907460159,"R2HS",125.57148378941896,"R2LS",0.1,"coeff Rm",-3.6705107136097347E-4,"coeff Rp",1.0003670510713609,"coeff Im",-4.2826303668352264E-5,"coeff Ip",4.2826303668352264E-5,"Lam_Rp",1334.8478102497756,"Lam_Rm",3584807.0144195557,null,"Lam_Ip",-20867.618474735456,"Lam_Im",-227475.16571488342,null,"LamorHS",-248342.78418961889,-6.642369261619816,-20945.249820364003,-2.4710824791317032E-2,3584681.4429357662,3283696.8765443163,1338.7771732174363,2.1535549545555336E-8,61674138459.051735,10.590708753087709,null,225.39886499999997,722.56631032565247]
["T",283,4057831.3898929036,566443.35772450909,0.12249344786798415,0.87750655213201589,0.1074888030973976,237603.64785634627,"K",0.13959263047138559,"kex",4624274.7476174124,"R2HS",109.20837750059813,"R2LS",0.1,"coeff Rm",-2.827100944836616E-4,"coeff Rp",1.0002827100944838,"coeff Im",-2.2247751634669499E-5,"coeff Ip",2.2247751634669499E-5,"Lam_Rp",1324.0698863263242,"Lam_Rm",4623059.9861085862,null,"Lam_Ip",-29052.812722024843,"Lam_Im",-208550.83513432118,null,"LamorHS",-237603.64785634604,-9.2477975108667181,-29104.890051934188,-1.6576728956199417E-2,4622950.7777310852,4057940.5982704042,1325.6551819426059,2.3244467287065841E-8,56455493474.642609,13.37731069611665,null,214.52786499999996,471.23889803846896]
["T",293,4942711.4778055223,1016401.6237152378,{"$f":"D20/(D20+C20)","v":0.17056256634160091},0.82943743365839906,0.1414709773045679,227597.55837176097,"K",0.20563644636738992,"kex",5959113.10152076,"R2HS",94.858888705700963,"R2LS",0.1,"coeff Rm",-2.0608894525849517E-4,"coeff Rp",1.0002060889452584,"coeff Im",-1.0557320071609359E-5,"coeff Ip",1.0557320071609359E-5,"Lam_Rp",1245.4597049360164,"Lam_Rm",5957962.6007045303,null,"Lam_Ip",-38787.654606630633,"Lam_Im",-188809.90376513009,null,"LamorHS",-227597.55837176074,-12.346493923172787,-38819.623648969828,{"$f":"(AL20-AE20)/(2*PI()*500)","v":-1.0176062228393901E-2},5957867.741815825,4942806.3366942275,1245.9409615464542,2.3740273912315011E-8,51800648576.78714,16.179375497956659,null,203.65686499999998,267.03537555513242]
["T",303,5942670.5411350438,1754747.171347511,0.22796569406671496,0.77203430593328504,0.17599733639539589,218251.93683995356,"K",0.29527922828654002,"kex",7697417.7124825548,"R2HS",82.084217833638789,"R2LS",0.1,"coeff Rm",-1.4144612968002631E-4,"coeff Rp",1.00014144612968,"coeff Im",-4.4733129581522929E-6,"coeff Ip",4.4733129581522929E-6,"Lam_Rp",1107.7891096202657,"Lam_Rm",7696392.1075907676,null,"Lam_Ip",-49736.331716575871,"Lam_Im",-168515.60512337746,null,"LamorHS",-218251.93683995333,-15.831566087902523,-49753.954263124797,-5.6094307862572012E-3,7696310.0233729342,5942752.6253528772,1107.8361972981622,2.2864464807462501E-8,47633907934.391075,18.71238569036889,null,192.78586499999997,113.41149479459153]
["T",313,7061308.3918514308,2925569.6924725533,0.29294136443546925,0.70705863556453075,0.20712672143815483,209503.47962327758,"K",0.41430986017387172,"kex",9986878.0843239836,"R2HS",71.945728186555328,"R2LS",0.1,"coeff Rm",-9.1153150954320617E-5,"coeff Rp",1.0000911531509544,"coeff Im",-1.6468533485663097E-6,"coeff Ip",1.6468533485663097E-6,"Lam_Rp",931.46165456715971,"Lam_Rm",9986018.6683976054,null,"Lam_Ip",-61363.701113401403,"Lam_Im",-148139.77850987599,null,"LamorHS",-209503.47962327738,-19.532672717222948,-61372.235174821406,-2.7164761192866745E-3,9985946.7226694189,7061380.3375796173,931.38493675170366,2.0739886848451032E-8,43891707974.261086,21.075879780272917,null,181.91486499999996,62.831853071795862]
["T",323,8301388.0419237204,4725638.2111864816,0.36275648174565056,0.63724351825434944,0.23116421669716805,201296.72254385715,"K",0.56925880194023393,"kex",13027026.253110202,"R2HS",65.892021754256334,"R2LS",0.1,"coeff Rm",-5.5201166052877708E-5,"coeff Rp",1.0000552011660528,"coeff Im",-5.0444290716153013E-7,"coeff Ip",5.0444290716153013E-7,"Lam_Rp",743.02300878148526,"Lam_Rm",13026349.222123172,null,"Lam_Ip",-73018.170619765835,"Lam_Im",-128278.55192409111,null,"LamorHS",-201296.72254385694,{"$f":"(AJ23-AG23)/(2*PI()*500)","v":-23.242405579326274},-73021.690856939924,{"$f":"(AL23-AE23)/(2*PI()*500)","v":-1.1205262942241658E-3},13026283.330101417,8301453.9339454742,742.93559990406948,1.7744972045479497E-8,40520370506.898605,23.902757986681898,null,171.04386499999998,15.707963267948966]
["T",333,9664871.8250229862,7416567.9837533189,0.43418869057763776,0.56581130942236224,0.24566887155211409,193582.86378752498,"K",0.76737365151096348,"kex",17081439.808776304,"R2HS",58.579453836118574,"R2LS",0.1,"coeff Rm",-3.155527720741702E-5,"coeff Rp",1.0000315552772072,"coeff Im",-1.1321632665989326E-7,"coeff Ip",1.1321632665989326E-7,"Lam_Rp",564.46979839354753,"Lam_Rm",17080934.018431745,null,"Lam_Ip",-84050.360465557969,"Lam_Im",-109532.50332196681,null,"LamorHS",-193582.86378752478,-26.754060673498341,-84051.49014617459,-3.5958850850067916E-4,17080875.438977908,9664930.4044768214,564.39818786155922,1.4382211002253535E-8,37474325152.179451,25.434536355857503]
["T",343,11152967.579476357,11337882.11002711,0.50411088360607936,0.49588911639392053,0.2499831006359772,186318.7927137778,"K",1.0165798500921883,"kex",22490849.689503469,"R2HS",53.564887841936709,"R2LS",0.1,"coeff Rm",1.000017156733648,"coeff Rp",-1.7156733648053939E-5,"coeff Im",7.5096492516097503E-9,"coeff Ip",-7.5096492516097503E-9,"Lam_Rp",22490490.445900925,"Lam_Rm",412.90849038399756,null,"Lam_Ip",-92393.656654195423,"Lam_Im",-93925.136059582204,null,"LamorHS",-186318.79271377763,-29.409814333701181,-93925.331227360381,{"$f":"(AL25-AG25)/(2*PI()*500)","v":-6.2123833258027208E-5},359.34360254206086,11153021.144364199,412.85229260486051,1.1114880232944018E-8,34714692518.319702,27.002642940259253]
["T",353,12766181.717157552,16920661.015156567,0.56997172679257113,0.43002827320742898,0.24510395744966584,179466.28374052621,"K",1.3254284945995605,"kex",29686842.732314117,"R2HS",18.950648646121195,"R2LS",0.1,"coeff Rm",1.0000089577513807,"coeff Rp",-8.9577513805267972E-6,"coeff Im",-1.3275121791938543E-8,"coeff Ip",1.3275121791938543E-8,"Lam_Rp",29686585.015723899,"Lam_Rm",276.76723887212574,null,"Lam_Ip",-77175.40698466936,"Lam_Im",-102290.87675585668,null,"LamorHS",-179466.28374052604,{"$f":"(AJ26-AG26)/(2*PI()*500)","v":-24.565695013477828},-102290.70764463316,{"$f":"(AL26-AG26)/(2*PI()*500)","v":5.3829774308833423E-5},257.81659022600456,12766200.667806199,276.72197638408556,8.2563160946337446E-9,32208146999.635063,10.801333932668998]
["T",363,14504376.525562011,24701438.816093843,0.63004527774349772,0.36995472225650239,0.23308822573661661,172991.32347103502,"K",1.7030334790717052,"kex",39205815.34165585,"R2HS",18.102772793566498,"R2LS",0.1,"coeff Rm",1.0000045380836979,"coeff Rp",-4.5380836979705679E-6,"coeff Im",-9.4716039629839057E-9,"coeff Ip",9.4716039629839057E-9,"Lam_Rp",39205644.183805093,"Lam_Rm",189.36062355712056,null,"Lam_Ip",-63998.789874345079,"Lam_Im",-108992.53359668977,null,"LamorHS",-172991.32347103485,-20.37144752080312,-108992.36644352341,{"$f":"(AL27-AG27)/(2*PI()*500)","v":5.3206505359197155E-5},171.25785076355407,14504394.628334804,189.32299318926221,5.9452462270045514E-9,29925997996.260273,11.405566512650038]
["T",373,16366829.541638667,35335989.825934969,0.68344415755587551,0.31655584244412449,0.21634824105861511,166863.54605781686,"K",2.159000296058383,"kex",51702819.367573634,"R2HS",17.459432037827806,"R2LS",0.1,"coeff Rm",1.0000022534570223,"coeff Rp",-2.2534570222109492E-6,"coeff Im",-4.8677154343486878E-9,"coeff Ip",4.8677154343486878E-9,"Lam_Rp",51702708.452963345,"Lam_Rm",128.47404233366251,null,"Lam_Ip",-52821.516679893815,"Lam_Im",-114042.02937792287,null,"LamorHS",-166863.54605781668,-16.813610962432204,-114041.91566227055,3.6196816346723568E-5,111.0146102958347,16366847.001070704,128.44224575754396,4.1844573217665156E-9,27843443002.989166,11.932546820497288]
["T",383,18352293.279748388,49612650.304018356,0.72997412618861079,0.27002587381138926,0.19711190128378495,161055.75702126801,"K",2.7033488157453069,"kex",67964943.583766744,"R2HS",17.069048417404417,"R2LS",0.1,"coeff Rm",1.0000011068674632,"coeff Rp",-1.1068674631331576E-6,"coeff Im",-2.1795926522916943E-9,"coeff Ip",2.1795926522916943E-9,"Lam_Rp",67964873.037677899,"Lam_Rm",87.715137258172035,null,"Lam_Ip",-43489.155380390948,"Lam_Im",-117566.60164087689,null,"LamorHS",-161055.75702126784,-13.843028099361431,-117566.5354992452,2.1053535254318271E-5,70.646088840767618,18352310.348796804,87.688115693248818,2.9001995865831134E-9,25938956869.693722,12.459963703365879]
["T",393,20459053.985007331,68464838.112906039,0.76992624251669017,0.23007375748330983,0.17713982360082095,155543.52976774966,"K",3.3464322525898798,"kex",88923892.09791337,"R2HS",16.71825445873106,"R2LS",0.1,"coeff Rm",1.0000005419796556,"coeff Rp",-5.4197965560339118E-7,"coeff Im",-9.0777150824746936E-10,"coeff Ip",9.0777150824746936E-10,"Lam_Rp",88923847.826378077,"Lam_Rm",61.089789740741253,null,"Lam_Ip",-35786.449133777125,"Lam_Im",-119757.08063397239,null,"LamorHS",-155543.52976774951,{"$f":"(AJ30-AG30)/(2*PI()*500)","v":-11.39118055069461},-119757.04542186632,1.1208361475882899E-5,44.371535282010193,20459070.703261789,61.066785182625452,1.9920385784033582E-9,24193789652.610825,12.871822836848708]
[]
[]
[]
[]
["H2","C0",16152,"C1",-3.4011]
[]
[null,null,"kHSLS","kLSHS",null,null,null,null,null,null,null,null,null,null,null,null,null,null,null,null,null,null,null,null,null,"Pi*linienbreite",null,"Pi*linienbreite H2",null,null,"Lamorfrequenz p",null,"Lamorfrequenz m"]
["T",173,{"$f":"$F$4*EXP(-$F$5/($F$3*B38))","v":102856.8978908503},{"$f":"$H$4*EXP(-$H$5/($F$3*B38))","v":10.539492977522919},null,null,null,null,"K",{"$f":"D38/C38","v":1.024675368754288E-4},"kex",{"$f":"D38+C38","v":102867.43738382783},"R2HS",797.17408605626861,"R2LS",0.1,"coeff Rm",6.9224937905502517E-5,"coeff Rp",0.99993077506209438,"coeff Im",-5.8002928823774151E-5,"coeff Ip",5.8002928823774151E-5,"Lam_Rp",9.3996026229215204,"Lam_Rm",103655.31186726119,null,"Lam_Ip",-3.3810002577665728,"Lam_Im",-282623.91320123815]
["T",{"$f":"B38+10","v":183},{"$f":"$F$4*EXP(-$F$5/($F$3*B39))","v":172431.8536885808},48.734862105716374,null,null,null,null,"K",2.8263259405500327E-4,"kex",172480.58855068652,"R2HS",607.35936108624105,"R2LS",0.1,"coeff Rm",8.1742318364025007E-5,"coeff Rp",0.99991825768163589,"coeff Im",-1.8124218885828009E-4,"coeff Ip",1.8124218885828009E-4,"Lam_Rp",34.439596449796227,"Lam_Rm",173053.60831532296,null,"Lam_Ip",-22.181171468138928,"Lam_Im",-266577.12587289012]
["T",{"$f":"B39+10","v":193},273999.22610247432,192.28516193664967,null,null,null,null,"K",7.0177264611957703E-4,"kex",274191.51126441098,"R2HS",481.2561405798254,"R2LS",0.1,"coeff Rm",-2.6215180927465622E-5,"coeff Rp",1.0000262151809274,"coeff Im",-3.199693658493497E-4,"coeff Ip",3.199693658493497E-4,"Lam_Rp",88.278771205426892,"Lam_Rm",274584.58863378537,null,"Lam_Ip",-95.662449201743584,"Lam_Im",-252136.58874963925]
["T",203,415973.08455034462,662.70789565312691,null,null,null,null,"K",1.593150903908833E-3,"kex",416635.79244599777,"R2HS",382.48495877631308,"R2LS",0.1,"coeff Rm",-1.9842549399169939E-4,"coeff Rp",1.0001984254939917,"coeff Im",-3.4062563268556361E-4,"coeff Ip",3.4062563268556361E-4,"Lam_Rp",164.70021169813117,"Lam_Rm",416853.67719307594,null,"Lam_Ip",-286.03477978266892,"Lam_Im",-238994.63405585807]
["T",213,607234.1090716609,2033.4834498461862,null,null,null,null,"K",3.3487635484689329E-3,"kex",609267.59252150706,"R2HS",317.55126323654065,"R2LS",0.1,"coeff Rm",-3.0830726771580478E-4,"coeff Rp",1.0003083072677159,"coeff Im",-2.6700880782853687E-4,"coeff Ip",2.6700880782853687E-4,"Lam_Rp",249.3459471729002,"Lam_Rm",609335.89783757064,null,"Lam_Ip",-666.56318984326208,"Lam_Im",-226878.634302616]
["T",223,856865.13834474783,5642.7306341338117,null,null,null,null,"K",6.5853194179823632E-3,"kex",862507.86897888163,"R2HS",256.94209787606076,"R2LS",0.1,"coeff Rm",-3.4180747013486801E-4,"coeff Rp",1.0003418074701349,"coeff Im",-1.8198069242822114E-4,"coeff Ip",1.8198069242822114E-4,"Lam_Rp",335.42932657618076,"Lam_Rm",862429.48175018153,null,"Lam_Ip",-1335.0920415782894,"Lam_Im",-215527.14274834361]
["T",233,1173900.6344831157,14344.681141540883,null,null,null,null,"K",1.2219672364226159E-2,"kex",1188245.3156246566,"R2HS",211.53969421270781,"R2LS",0.1,"coeff Rm",-3.322423256070769E-4,"coeff Rp",1.0003322423256071,"coeff Im",-1.1725381636178137E-4,"coeff Ip",1.1725381636178137E-4,"Lam_Rp",420.94195974664763,"Lam_Rm",1188036.0133591227,null,"Lam_Ip",-2428.0384720595612,"Lam_Im",-204668.22612198052]
["T",243,1567103.2795424524,33770.893783163898,null,null,null,null,"K",2.1549883931724013E-2,"kex",1600874.1733256164,"R2HS",174.07110996601898,"R2LS",0.1,"coeff Rm",-3.0336384527918125E-4,"coeff Rp",1.0003033638452792,"coeff Im",-7.3576128570203449E-5,"coeff Ip",7.3576128570203449E-5,"Lam_Rp",503.13661849929485,"Lam_Rm",1600545.2078170828,null,"Lam_Ip",-4119.5768057921814,"Lam_Im",-194014.50114758272]
["T",253,2044775.4318899652,74301.712397980315,null,null,null,null,"K",3.633734601814146E-2,"kex",2119077.1442879457,"R2HS",142.18054438298105,"R2LS",0.1,"coeff Rm",-2.6616868691559982E-4,"coeff Rp",1.0002661686869156,"coeff Im",-4.5109099162868459E-5,"coeff Ip",4.5109099162868459E-5,"Lam_Rp",576.81364965345711,"Lam_Rm",2118642.6111826752,null,"Lam_Ip",-6609.2987555813452,"Lam_Im",-183271.06580935486]
["T",263,2614608.6721385354,153961.73237324579,null,null,null,null,"K",5.8885191506428271E-2,"kex",2768570.4045117814,"R2HS",120.57162546129604,"R2LS",0.1,"coeff Rm",-2.2536364712641183E-4,"coeff Rp",1.0002253636471263,"coeff Im",-2.6781190702469095E-5,"coeff Ip",2.6781190702469095E-5,"Lam_Rp",634.81581579148769,"Lam_Rm",2768056.2603214509,null,"Lam_Ip",-10097.670400316143,"Lam_Im",-172156.63958899037]
["T",273,3283571.3050605268,302444.88568548916,null,null,null,null,"K",9.210851770429701E-2,"kex",3586016.1907460159,"R2HS",104.80705270141715,"R2LS",0.1,"coeff Rm",-1.8347328079531216E-4,"coeff Rp",1.0001834732807953,"coeff Im",-1.5155990158823326E-5,"coeff Ip",1.5155990158823326E-5,"Lam_Rp",668.85107171512209,"Lam_Rm",3585452.2467270019,null,"Lam_Ip",-14747.679838212702,"Lam_Im",-160439.26089236009]
["T",283,4057831.3898929036,566443.35772450909,null,null,null,null,"K",0.13959263047138559,"kex",4624274.7476174124,"R2HS",91.14974061575839,"R2LS",0.1,"coeff Rm",-1.426422379722711E-4,"coeff Rp",1.0001426422379724,"coeff Im",-8.0178889969071183E-6,"coeff Ip",8.0178889969071183E-6,"Lam_Rp",671.71233979519457,"Lam_Rm",4623694.2850182327,null,"Lam_Ip",-20635.8248637707,"Lam_Im",-147983.2073330672]
["T",293,4942711.4778055223,1016401.6237152378,null,null,null,null,"K",0.20563644636738992,"kex",5959113.10152076,"R2HS",79.173075349245792,"R2LS",0.1,"coeff Rm",-1.0512383102122882E-4,"coeff Rp",1.0001051238310212,"coeff Im",-3.8823550156434937E-6,"coeff Ip",3.8823550156434937E-6,"Lam_Rp",640.32117635896429,"Lam_Rm",5958552.0534197502,null,"Lam_Ip",-27704.449419314195,"Lam_Im",-134794.99564540898]
["T",303,5942670.5411350438,1754747.171347511,null,null,null,null,"K",0.29527922828654002,"kex",7697417.7124825548,"R2HS",68.510816985103602,"R2LS",0.1,"coeff Rm",-7.3002995985137697E-5,"coeff Rp",1.0000730029959852,"coeff Im",-1.6823072971129473E-6,"coeff Ip",1.6823072971129473E-6,"Lam_Rp",577.69406107487157,"Lam_Rm",7696908.6292384658,null,"Lam_Ip",-35734.606377323085,"Lam_Im",-121049.18469931932]
["T",313,7061308.3918514308,2925569.6924725533,null,null,null,null,"K",0.41430986017387172,"kex",9986878.0843239836,"R2HS",60.048822377023768,"R2LS",0.1,"coeff Rm",-4.7623777007249586E-5,"coeff Rp",1.0000476237770073,"coeff Im",-6.3591884815379471E-7,"coeff Ip",6.3591884815379471E-7,"Lam_Rp",493.27010994404554,"Lam_Rm",9986444.963036418,null,"Lam_Ip",-44357.730124446607,"Lam_Im",-107075.62447134063]
["T",323,8301388.0419237204,4725638.2111864816,null,null,null,null,"K",0.56925880194023393,"kex",13027026.253110202,"R2HS",54.996153491205185,"R2LS",0.1,"coeff Rm",-2.920243620886491E-5,"coeff Rp",1.000029202436209,"coeff Im",-2.0209926725626858E-7,"coeff Ip",2.0209926725626858E-7,"Lam_Rp",400.42118376214057,"Lam_Rm",13026680.928079933,null,"Lam_Ip",-53111.246420915566,"Lam_Im",-93302.968070540053]
["T",333,9664871.8250229862,7416567.9837533189,null,null,null,null,"K",0.76737365151096348,"kex",17081439.808776304,"R2HS",48.892787758391123,"R2LS",0.1,"coeff Rm",-1.6905928080586884E-5,"coeff Rp",1.0000169059280806,"coeff Im",-4.856325200717749E-8,"coeff Ip",4.856325200717749E-8,"Lam_Rp",310.05412008613348,"Lam_Rm",17081178.747443974,null,"Lam_Ip",-61522.514138893399,"Lam_Im",-80174.010104346584]
["T",343,11152967.579476357,11337882.11002711,null,null,null,null,"K",1.0165798500921883,"kex",22490849.689503469,"R2HS",44.707427622738749,"R2LS",0.1,"coeff Rm",1.0000093102329701,"coeff Rp",-9.310232970116225E-6,"coeff Im",5.1175069242109246E-9,"coeff Ip",-5.1175069242109246E-9,"Lam_Rp",22490662.51869918,"Lam_Rm",231.97823191061616,null,"Lam_Ip",-68062.849704896187,"Lam_Im",-69191.068269615993]
["T",353,12766181.717157552,16920661.015156567,null,null,null,null,"K",1.3254284945995605,"kex",29686842.732314117,"R2HS",40.805600421971718,"R2LS",0.1,"coeff Rm",1.0000049242874629,"coeff Rp",-4.924287462905729E-6,"coeff Im",-3.1648420659572626E-9,"coeff Ip",3.1648420659572626E-9,"Lam_Rp",29686714.151734531,"Lam_Rm",169.48618000932038,null,"Lam_Ip",-57220.857362372888,"Lam_Im",-75842.160081016453]
["T",363,14504376.525562011,24701438.816093843,null,null,null,null,"K",1.7030334790717052,"kex",39205815.34165585,"R2HS",39.309011304329765,"R2LS",0.1,"coeff Rm",1.0000025275231232,"coeff Rp",-2.5275231231071269E-6,"coeff Im",-2.7942672056719419E-9,"coeff Ip",2.7942672056719419E-9,"Lam_Rp",39205730.854042768,"Lam_Rm",123.89662439003587,null,"Lam_Ip",-47762.24741954507,"Lam_Im",-81340.773103251588]
["T",373,16366829.541638667,35335989.825934969,null,null,null,null,"K",2.159000296058383,"kex",51702819.367573634,"R2HS",33.353185917581484,"R2LS",0.1,"coeff Rm",1.000001271779779,"coeff Rp",-1.2717797789929043E-6,"coeff Im",-1.5878560166676574E-9,"coeff Ip",1.5878560166676574E-9,"Lam_Rp",51702764.239573471,"Lam_Rm",88.581186085939407,null,"Lam_Ip",-39681.946679060304,"Lam_Im",-85673.409197706322]
["T",383,18352293.279748388,49612650.304018356,null,null,null,null,"K",2.7033488157453069,"kex",67964943.583766744,"R2HS",32.677347119798135,"R2LS",0.1,"coeff Rm",1.0000006330852165,"coeff Rp",-6.3308521636501664E-7,"coeff Im",-7.0505335103783538E-10,"coeff Ip",7.0505335103783538E-10,"Lam_Rp",67964909.452916816,"Lam_Rm",66.908197045326233,null,"Lam_Ip",-32890.054834956311,"Lam_Im",-88913.336899489397]
["T",393,20459053.985007331,68464838.112906039,null,null,null,null,"K",3.3464322525898798,"kex",88923892.09791337,"R2HS",32.070958301002399,"R2LS",0.1,"coeff Rm",1.0000003142092786,"coeff Rp",-3.1420927868400651E-7,"coeff Im",-2.8218811468246006E-10,"coeff Ip",2.8218811468246006E-10,"Lam_Rp",88923871.61288482,"Lam_Rm",52.655986838042736,null,"Lam_Ip",-27248.133755227384,"Lam_Im",-91184.055370857765]
[null,null,null,null,null,null,null,null,null,null,null,null,null,31.522443308752109]
[null,null,null,null,null,null,null,null,null,null,null,null,null,31.025074117807179]
[]
[]
[]
[]
[]
[]
["H3","C0",6889.1,"C1",-9.3800000000000008]
[]
[null,null,"kHSLS","kLSHS",null,null,null,null,null,null,null,null,null,null,null,null,null,null,null,null,null,null,null,null,null,"Pi*linienbreite",null,"Pi*linienbreite H3",null,null,"Lamorfrequenz p",null,"Lamorfrequenz m"]
["T",173,{"$f":"$F$4*EXP(-$F$5/($F$3*B72))","v":102856.8978908503},{"$f":"$H$4*EXP(-$H$5/($F$3*B72))","v":10.539492977522919},null,null,null,null,"K",{"$f":"D72/C72","v":1.024675368754288E-4},"kex",{"$f":"D72+C72","v":102867.43738382783},"R2HS",431.46743011463525,"R2LS",0.1,"coeff Rm",-3.2161217574320292E-6,"coeff Rp",1.0000032161217574,"coeff Im",-4.7183052940004552E-5,"coeff Ip",4.7183052940004552E-5,"Lam_Rp",4.9882177350882557,"Lam_Rm",103294.01659620737,null,"Lam_Ip",-5.2324679975572508,"Lam_Im",-95629.206186101437]
["T",{"$f":"B72+10","v":183},{"$f":"$F$4*EXP(-$F$5/($F$3*B73))","v":172431.8536885808},48.734862105716374,null,null,null,null,"K",2.8263259405500327E-4,"kex",172480.58855068652,"R2HS",319.90987520024339,"R2LS",0.1,"coeff Rm",-3.4035683618565559E-5,"coeff Rp",1.0000340356836186,"coeff Im",-4.8230667254020141E-5,"coeff Ip",4.8230667254020141E-5,"Lam_Rp",10.351935174359824,"Lam_Rm",172790.24649071239,null,"Lam_Ip",-19.777856045737281,"Lam_Im",-88778.454363912766]
["T",{"$f":"B73+10","v":193},273999.22610247432,192.28516193664967,null,null,null,null,"K",7.0177264611957703E-4,"kex",274191.51126441098,"R2HS",242.88945781434848,"R2LS",0.1,"coeff Rm",-4.8452364838178131E-5,"coeff Rp",1.0000484523648383,"coeff Im",-3.2468506952949537E-5,"coeff Ip",3.2468506952949537E-5,"Lam_Rp",16.24642953905277,"Lam_Rm",274418.25429268624,null,"Lam_Ip",-53.066181223635795,"Lam_Im",-82617.374779116682]
["T",203,415973.08455034462,662.70789565312691,null,null,null,null,"K",1.593150903908833E-3,"kex",416635.79244599777,"R2HS",190.36611844661451,"R2LS",0.1,"coeff Rm",-4.9058847846193748E-5,"coeff Rp",1.0000490588478461,"coeff Im",-1.902082086590514E-5,"coeff Ip",1.902082086590514E-5,"Lam_Rp",22.312344528967515,"Lam_Rm",416803.94621991541,null,"Lam_Ip",-118.55586873573338,"Lam_Im",-77027.817108796095]
["T",213,607234.1090716609,2033.4834498461862,null,null,null,null,"K",3.3487635484689329E-3,"kex",609267.59252150706,"R2HS",148.50274486712362,"R2LS",0.1,"coeff Rm",-4.4685948349005062E-5,"coeff Rp",1.0000446859483489,"coeff Im",-1.0852375707510212E-5,"coeff Ip",1.0852375707510212E-5,"Lam_Rp",28.602840595471207,"Lam_Rm",609387.59242577874,null,"Lam_Ip",-237.36631810775725,"Lam_Im",-71903.630505987254]
["T",223,856865.13834474783,5642.7306341338117,null,null,null,null,"K",6.5853194179823632E-3,"kex",862507.86897888163,"R2HS",117.56363019453683,"R2LS",0.1,"coeff Rm",-3.9170486460370249E-5,"coeff Rp",1.0000391704864604,"coeff Im",-6.234235018724902E-6,"coeff Ip",6.234235018724902E-6,"Lam_Rp",35.071048466837965,"Lam_Rm",862590.46156060928,null,"Lam_Ip",-439.38953810113162,"Lam_Im",-67145.143792058137]
["T",233,1173900.6344831157,14344.681141540883,null,null,null,null,"K",1.2219672364226159E-2,"kex",1188245.3156246566,"R2HS",96.680855635898098,"R2LS",0.1,"coeff Rm",-3.3685438691503195E-5,"coeff Rp",1.0000336854386915,"coeff Im",-3.6222962820931019E-6,"coeff Ip",3.6222962820931019E-6,"Lam_Rp",41.517159450682811,"Lam_Rm",1188300.5793208419,null,"Lam_Ip",-763.38682269631681,"Lam_Im",-62655.795759787776]
["T",243,1567103.2795424524,33770.893783163898,null,null,null,null,"K",2.1549883931724013E-2,"kex",1600874.1733256164,"R2HS",76.669941250633684,"R2LS",0.1,"coeff Rm",-2.8504665024568295E-5,"coeff Rp",1.0000285046650246,"coeff Im",-2.1090855533991485E-6,"coeff Ip",2.1090855533991485E-6,"Lam_Rp",47.467527559725568,"Lam_Rm",1600903.4757393072,null,"Lam_Ip",-1255.459258131963,"Lam_Im",-58341.199798707836]
["T",253,2044775.4318899652,74301.712397980315,null,null,null,null,"K",3.633734601814146E-2,"kex",2119077.1442879457,"R2HS",64.023901910796766,"R2LS",0.1,"coeff Rm",-2.3647460949989935E-5,"coeff Rp",1.0000236474609498,"coeff Im",-1.2185900024016611E-6,"coeff Ip",1.2185900024016611E-6,"Lam_Rp",52.514751172857359,"Lam_Rm",2119088.7534386832,null,"Lam_Ip",-1964.868109813724,"Lam_Im",-54111.443194159983]
["T",263,2614608.6721385354,153961.73237324579,null,null,null,null,"K",5.8885191506428271E-2,"kex",2768570.4045117814,"R2HS",53.677578533790779,"R2LS",0.1,"coeff Rm",-1.9101140513222062E-5,"coeff Rp",1.0000191011405133,"coeff Im",-6.8683191919443492E-7,"coeff Ip",6.8683191919443492E-7,"Lam_Rp",55.993466397281736,"Lam_Rm",2768568.1886239178,null,"Lam_Ip",-2936.5488628664752,"Lam_Im",-49887.121741691037]
["T",273,3283571.3050605268,302444.88568548916,null,null,null,null,"K",9.210851770429701E-2,"kex",3586016.1907460159,"R2HS",47.320053610230801,"R2LS",0.1,"coeff Rm",-1.4892982516239272E-5,"coeff Rp",1.0000148929825161,"coeff Im",-3.7224907996343138E-7,"coeff Ip",3.7224907996343138E-7,"Lam_Rp",57.503427302464843,"Lam_Rm",3586006.1073723235,null,"Lam_Ip",-4200.2036582966866,"Lam_Im",-45609.114942772561]
["T",283,4057831.3898929036,566443.35772450909,null,null,null,null,"K",0.13959263047138559,"kex",4624274.7476174124,"R2HS",42.023475817440271,"R2LS",0.1,"coeff Rm",-1.1105521559070038E-5,"coeff Rp",1.000011105521559,"coeff Im",-1.9030048429535188E-7,"coeff Ip",1.9030048429535188E-7,"Lam_Rp",56.596299007534981,"Lam_Rm",4624260.2747942219,null,"Lam_Ip",-5757.6855617570218,"Lam_Im",-41250.309445964464]
["T",293,4942711.4778055223,1016401.6237152378,null,null,null,null,"K",0.20563644636738992,"kex",5959113.10152076,"R2HS",36.380296802180368,"R2LS",0.1,"coeff Rm",-7.8522986951792324E-6,"coeff Rp",1.000007852298695,"coeff Im",-8.9930529796743806E-8,"coeff Ip",8.9930529796743806E-8,"Lam_Rp",53.082880131434649,"Lam_Rm",5959096.4989374299,null,"Lam_Ip",-7572.3115300175232,"Lam_Im",-36825.576511888488]
["T",303,5942670.5411350438,1754747.171347511,null,null,null,null,"K",0.29527922828654002,"kex",7697417.7124825548,"R2HS",31.342295641954372,"R2LS",0.1,"coeff Rm",-5.2297105858559038E-6,"coeff Rp",1.0000052297105859,"coeff Im",-3.8809714952552721E-8,"coeff Ip",3.8809714952552721E-8,"Lam_Rp",47.47799235349521,"Lam_Rm",7697401.6767858434,null,"Lam_Ip",-9565.2760834734745,"Lam_Im",-32394.789280789686]
["T",313,7061308.3918514308,2925569.6924725533,null,null,null,null,"K",0.41430986017387172,"kex",9986878.0843239836,"R2HS",26.517506318668929,"R2LS",0.1,"coeff Rm",-3.2694460481954348E-6,"coeff Rp",1.0000032694460481,"coeff Im",-1.5112210790758067E-8,"coeff Ip",1.5112210790758067E-8,"Lam_Rp",40.490410011261702,"Lam_Rm",9986864.211420292,null,"Lam_Ip",-11623.234388699873,"Lam_Im",-28054.779715022218]
["T",323,8301388.0419237204,4725638.2111864816,null,null,null,null,"K",0.56925880194023393,"kex",13027026.253110202,"R2HS",22.99569746368126,"R2LS",0.1,"coeff Rm",-1.9193562069871986E-6,"coeff Rp",1.0000019193562071,"coeff Im",-5.3776116309622559E-9,"coeff Ip",5.3776116309622559E-9,"Lam_Rp",33.409037846140563,"Lam_Rm",13027015.939769819,null,"Lam_Ip",-13616.836389275031,"Lam_Im",-23920.429937530829]
["T",333,9664871.8250229862,7416567.9837533189,null,null,null,null,"K",0.76737365151096348,"kex",17081439.808776304,"R2HS",21.368901331130569,"R2LS",0.1,"coeff Rm",-1.0626061069477915E-6,"coeff Rp",1.0000010626061069,"coeff Im",-1.8541350798373531E-9,"coeff Ip",1.8541350798373531E-9,"Lam_Rp",27.485531743615866,"Lam_Rm",17081433.792145889,null,"Lam_Ip",-15424.566471232187,"Lam_Im",-20100.525518712464]
["T",343,11152967.579476357,11337882.11002711,null,null,null,null,"K",1.0165798500921883,"kex",22490849.689503469,"R2HS",20.030421897021636,"R2LS",0.1,"coeff Rm",1.0000005589328007,"coeff Rp",-5.5893280077506165E-7,"coeff Im",6.487433779418019E-10,"coeff Ip",-6.487433779418019E-10,"Lam_Rp",22490847.101923488,"Lam_Rm",22.718001877889037,null,"Lam_Ip",-16676.887521362387,"Lam_Im",-16953.358081392271]
["T",353,12766181.717157552,16920661.015156567,null,null,null,null,"K",1.3254284945995605,"kex",29686842.732314117,"R2HS",18.950648646121195,"R2LS",0.1,"coeff Rm",1.000000281996692,"coeff Rp",-2.819966920271892E-7,"coeff Im",2.4922063781924549E-10,"coeff Ip",-2.4922063781924549E-10,"Lam_Rp",29686842.567041136,"Lam_Rm",19.215921634808183,null,"Lam_Ip",-13693.29401113239,"Lam_Im",-18149.461940250403]
["T",363,14504376.525562011,24701438.816093843,null,null,null,null,"K",1.7030334790717052,"kex",39205815.34165585,"R2HS",18.102772793566498,"R2LS",0.1,"coeff Rm",1.0000001378803307,"coeff Rp",-1.3788033068847557E-7,"coeff Im",1.0947517083734099E-10,"coeff Ip",-1.0947517083734099E-10,"Lam_Rp",39205816.696158871,"Lam_Rm",16.848269775509834,null,"Lam_Ip",-11155.527793610505,"Lam_Im",-18998.222784712918]
["T",373,16366829.541638667,35335989.825934969,null,null,null,null,"K",2.159000296058383,"kex",51702819.367573634,"R2HS",17.459432037827806,"R2LS",0.1,"coeff Rm",1.0000000659931445,"coeff Rp",-6.5993144558393335E-8,"coeff Im",5.3492973048571856E-11,"coeff Ip",-5.3492973048571856E-11,"Lam_Rp",51702821.550773069,"Lam_Rm",15.376232605427504,null,"Lam_Ip",-9039.3531943380367,"Lam_Im",-19515.955301706683]
["T",383,18352293.279748388,49612650.304018356,null,null,null,null,"K",2.7033488157453069,"kex",67964943.583766744,"R2HS",17.069048417404417,"R2LS",0.1,"coeff Rm",1.0000000312009067,"coeff Rp",-3.1200906812264275E-8,"coeff Im",2.774086009442872E-11,"coeff Ip",-2.774086009442872E-11,"Lam_Rp",67964946.145281717,"Lam_Rm",14.607533439993858,null,"Lam_Ip",-7301.5926230424848,"Lam_Im",-19738.743351155841]
["T",393,20459053.985007331,68464838.112906039,null,null,null,null,"K",3.3464322525898798,"kex",88923892.09791337,"R2HS",16.71825445873106,"R2LS",0.1,"coeff Rm",1.0000000146839461,"coeff Rp",-1.468394614158753E-8,"coeff Im",1.4497665071263824E-11,"coeff Ip",-1.4497665071263824E-11,"Lam_Rp",88923894.715584338,"Lam_Rm",14.20058349519968,null,"Lam_Ip",-5890.4559620960372,"Lam_Im",-19712.005328517793]
[]
[]
[]
[]
[]
[]
["H4/5","C0",5746,"C1",-1.3454999999999999]
[]
[null,null,"kHSLS","kLSHS",null,null,null,null,null,null,null,null,null,null,null,null,null,null,null,null,null,null,null,null,null,"Pi*linienbreite",null,"Pi*linienbreite H4/5",null,null,"Lamorfrequenz p",null,"Lamorfrequenz m"]
["T",173,{"$f":"$F$4*EXP(-$F$5/($F$3*B104))","v":102856.8978908503},{"$f":"$H$4*EXP(-$H$5/($F$3*B104))","v":10.539492977522919},null,null,null,null,"K",{"$f":"D104/C104","v":1.024675368754288E-4},"kex",{"$f":"D104+C104","v":102867.43738382783},"R2HS",264.83520618846137,"R2LS",0.1,"coeff Rm",-1.2143956244991472E-6,"coeff Rp",1.0000012143956245,"coeff Im",-4.9699658486780903E-5,"coeff Ip",4.9699658486780903E-5,"Lam_Rp",5.2276354015994002,"Lam_Rm",103127.14495461469,null,"Lam_Ip",-5.2541823557039606,"Lam_Im",-100112.19178967815]
["T",{"$f":"B104+10","v":183},{"$f":"$F$4*EXP(-$F$5/($F$3*B105))","v":172431.8536885808},48.734862105716374,null,null,null,null,"K",2.8263259405500327E-4,"kex",172480.58855068652,"R2HS",201.77542702060836,"R2LS",0.1,"coeff Rm",-3.4882225080785271E-5,"coeff Rp",1.0000348822250809,"coeff Im",-5.4887269935618974E-5,"coeff Ip",5.4887269935618974E-5,"Lam_Rp",11.359702947011101,"Lam_Rm",172671.10427476012,null,"Lam_Ip",-20.492548846297723,"Lam_Im",-94395.070423873956]
["T",{"$f":"B105+10","v":193},273999.22610247432,192.28516193664967,null,null,null,null,"K",7.0177264611957703E-4,"kex",274191.51126441098,"R2HS",159.8817265253212,"R2LS",0.1,"coeff Rm",-5.4185027921372195E-5,"coeff Rp",1.0000541850279214,"coeff Im",-3.9695087597748566E-5,"coeff Ip",3.9695087597748566E-5,"Lam_Rp",18.616238340677228,"Lam_Rm",274332.87675259559,null,"Lam_Ip",-56.571449354480137,"Lam_Im",-89247.97722864426]
["T",203,415973.08455034462,662.70789565312691,null,null,null,null,"K",1.593150903908833E-3,"kex",416635.79244599777,"R2HS",127.0682084293945,"R2LS",0.1,"coeff Rm",-5.7971160691472577E-5,"coeff Rp",1.0000579711606914,"coeff Im",-2.4702889278171837E-5,"coeff Ip",2.4702889278171837E-5,"Lam_Rp",26.544986057968345,"Lam_Rm",416736.41566836915,null,"Lam_Ip",-129.32165996985714,"Lam_Im",-84567.760929683864]
["T",213,607234.1090716609,2033.4834498461862,null,null,null,null,"K",3.3487635484689329E-3,"kex",609267.59252150706,"R2HS",105.49609645579912,"R2LS",0.1,"coeff Rm",-5.51346305324887E-5,"coeff Rp",1.0000551346305324,"coeff Im",-1.488479042421102E-5,"coeff Ip",1.488479042421102E-5,"Lam_Rp",35.236143585876562,"Lam_Rm",609337.952474377,null,"Lam_Ip",-264.09106989153224,"Lam_Im",-80258.151355205453]
["T",223,856865.13834474783,5642.7306341338117,null,null,null,null,"K",6.5853194179823632E-3,"kex",862507.86897888163,"R2HS",85.360669218616891,"R2LS",0.1,"coeff Rm",-5.0230593524249251E-5,"coeff Rp",1.0000502305935242,"coeff Im",-9.0034988265794739E-6,"coeff Ip",9.0034988265794739E-6,"Lam_Rp",44.663681359204929,"Lam_Rm",862548.66596674104,null,"Lam_Ip",-497.9705572349776,"Lam_Im",-76223.856830171324]
["T",233,1173900.6344831157,14344.681141540883,null,null,null,null,"K",1.2219672364226159E-2,"kex",1188245.3156246566,"R2HS",70.277194798216442,"R2LS",0.1,"coeff Rm",-4.4820860066516271E-5,"coeff Rp",1.0000448208600665,"coeff Im",-5.4995909541884545E-6,"coeff Ip",5.4995909541884545E-6,"Lam_Rp",54.596769705996849,"Lam_Rm",1188261.0960497488,null,"Lam_Ip",-880.92609565589373,"Lam_Im",-72366.702137123299]
["T",243,1567103.2795424524,33770.893783163898,null,null,null,null,"K",2.1549883931724013E-2,"kex",1600874.1733256164,"R2HS",57.829474271258462,"R2LS",0.1,"coeff Rm",-3.9338333707213638E-5,"coeff Rp",1.0000393383337072,"coeff Im",-3.3692614480144703E-6,"coeff Ip",3.3692614480144703E-6,"Lam_Rp",64.516852811560966,"Lam_Rm",1600867.5859470759,null,"Lam_Ip",-1475.1687020604586,"Lam_Im",-68584.202693344909]
["T",253,2044775.4318899652,74301.712397980315,null,null,null,null,"K",3.633734601814146E-2,"kex",2119077.1442879457,"R2HS",47.234869329403459,"R2LS",0.1,"coeff Rm",-3.385803345176359E-5,"coeff Rp",1.0000338580334518,"coeff Im",-2.0441521314832242E-6,"coeff Ip",2.0441521314832242E-6,"Lam_Rp",73.624700156738982,"Lam_Rm",2119050.8544571185,null,"Lam_Ip",-2351.3371247927498,"Lam_Im",-64771.813546865167]
["T",263,2614608.6721385354,153961.73237324579,null,null,null,null,"K",5.8885191506428271E-2,"kex",2768570.4045117814,"R2HS",40.05600765008608,"R2LS",0.1,"coeff Rm",-2.8389192844827372E-5,"coeff Rp",1.0000283891928448,"coeff Im",-1.2098953880484207E-6,"coeff Ip",1.2098953880484207E-6,"Lam_Rp",80.985262977425009,"Lam_Rm",2768529.5752564538,null,"Lam_Ip",-3580.1635411940733,"Lam_Im",-60830.053153769433]
["T",273,3283571.3050605268,302444.88568548916,null,null,null,null,"K",9.210851770429701E-2,"kex",3586016.1907460159,"R2HS",34.818740219593074,"R2LS",0.1,"coeff Rm",-2.2993755847572426E-5,"coeff Rp",1.0000229937558476,"coeff Im",-6.8586571272020194E-7,"coeff Ip",6.8586571272020194E-7,"Lam_Rp",85.516325493343174,"Lam_Rm",3585965.5931607424,null,"Lam_Ip",-5219.0399927255639,"Lam_Im",-56676.992467425909]
["T",283,4057831.3898929036,566443.35772450909,null,null,null,null,"K",0.13959263047138559,"kex",4624274.7476174124,"R2HS",30.281541726251305,"R2LS",0.1,"coeff Rm",-1.7826477652293703E-5,"coeff Rp",1.0000178264776522,"coeff Im",-3.6482782151203385E-7,"coeff Ip",3.6482782151203385E-7,"Lam_Rp",86.245444551110268,"Lam_Rm",4624218.8837145874,null,"Lam_Ip",-7294.766716012251,"Lam_Im",-52264.762373978214]
["T",293,4942711.4778055223,1016401.6237152378,null,null,null,null,"K",0.20563644636738992,"kex",5959113.10152076,"R2HS",26.302683568682994,"R2LS",0.1,"coeff Rm",-1.3116568786531628E-5,"coeff Rp",1.0000131165687864,"coeff Im",-1.7843167413875962E-7,"coeff Ip",1.7843167413875962E-7,"Lam_Rp",82.737236042041332,"Lam_Rm",5959056.7669682875,null,"Lam_Ip",-9786.7415067807888,"Lam_Im",-47595.772497701291]
["T",303,5942670.5411350438,1754747.171347511,null,null,null,null,"K",0.29527922828654002,"kex",7697417.7124825548,"R2HS",22.760494426193823,"R2LS",0.1,"coeff Rm",-9.099683575106393E-6,"coeff Rp",1.0000090996835751,"coeff Im",-7.8654007785285102E-8,"coeff Ip",7.8654007785285102E-8,"Lam_Rp",75.311086897738278,"Lam_Rm",7697365.2618900826,null,"Lam_Ip",-12617.386556015748,"Lam_Im",-42731.809728338041]
["T",313,7061308.3918514308,2925569.6924725533,null,null,null,null,"K",0.41430986017387172,"kex",9986878.0843239836,"R2HS",19.94927147502743,"R2LS",0.1,"coeff Rm",-5.9320249986487234E-6,"coeff Rp",1.0000059320249985,"coeff Im",-3.069995618183021E-8,"coeff Ip",3.069995618183021E-8,"Lam_Rp",65.157108517363667,"Lam_Rm",9986832.9764869418,null,"Lam_Ip",-15656.311161036345,"Lam_Im",-37789.491858149428]
["T",323,8301388.0419237204,4725638.2111864816,null,null,null,null,"K",0.56925880194023393,"kex",13027026.253110202,"R2HS",18.270686295725284,"R2LS",0.1,"coeff Rm",-3.6353435902454495E-6,"coeff Rp",1.0000036353435902,"coeff Im",-1.0471718069319799E-8,"coeff Ip",1.0471718069319799E-8,"Lam_Rp",54.049072922207415,"Lam_Rm",13026990.574723575,null,"Lam_Ip",-18740.011810366566,"Lam_Im",-32920.255111773055]
["T",333,9664871.8250229862,7416567.9837533189,null,null,null,null,"K",0.76737365151096348,"kex",17081439.808776304,"R2HS",16.243041204688907,"R2LS",0.1,"coeff Rm",-2.103439871783383E-6,"coeff Rp",1.0000021034398718,"coeff Im",-2.9789892271347729E-9,"coeff Ip",2.9789892271347729E-9,"Lam_Rp",43.038780396804214,"Lam_Rm",17081413.113037109,null,"Lam_Ip",-21701.569159753661,"Lam_Im",-28280.401070567805]
["T",343,11152967.579476357,11337882.11002711,null,null,null,null,"K",1.0165798500921883,"kex",22490849.689503469,"R2HS",14.852591196483015,"R2LS",0.1,"coeff Rm",1.0000011577602841,"coeff Rp",-1.1577602840618788E-6,"coeff Im",6.6479353874225967E-10,"coeff Ip",-6.6479353874225967E-10,"Lam_Rp",22490831.066201054,"Lam_Rm",33.575893608853221,null,"Lam_Ip",-24001.809044205856,"Lam_Im",-24399.724359709584]
["T",353,12766181.717157552,16920661.015156567,null,null,null,null,"K",1.3254284945995605,"kex",29686842.732314117,"R2HS",18.950648646121195,"R2LS",0.1,"coeff Rm",1.000000612020411,"coeff Rp",-6.1202041108166568E-7,"coeff Im",2.2119115592454185E-10,"coeff Ip",-2.2119115592454185E-10,"Lam_Rp",29686832.769697621,"Lam_Rm",29.013265149667859,null,"Lam_Ip",-20172.911986913488,"Lam_Im",-26737.727753565116]
["T",363,14504376.525562011,24701438.816093843,null,null,null,null,"K",1.7030334790717052,"kex",39205815.34165585,"R2HS",18.102772793566498,"R2LS",0.1,"coeff Rm",1.0000003139631968,"coeff Rp",-3.1396319678651222E-7,"coeff Im",5.889345281041629E-11,"coeff Ip",-5.889345281041629E-11,"Lam_Rp",39205809.792693436,"Lam_Rm",23.751735206693411,null,"Lam_Ip",-16833.644723820136,"Lam_Im",-28668.244254788391]
["T",373,16366829.541638667,35335989.825934969,null,null,null,null,"K",2.159000296058383,"kex",51702819.367573634,"R2HS",17.459432037827806,"R2LS",0.1,"coeff Rm",1.0000001578897657,"coeff Rp",-1.5788976565047285E-7,"coeff Im",2.5136236666900515E-11,"coeff Ip",-2.5136236666900515E-11,"Lam_Rp",51702816.799461231,"Lam_Rm",20.127544444054365,null,"Lam_Ip",-13981.855808567456,"Lam_Im",-30186.818642051428]
["T",383,18352293.279748388,49612650.304018356,null,null,null,null,"K",2.7033488157453069,"kex",67964943.583766744,"R2HS",17.069048417404417,"R2LS",0.1,"coeff Rm",1.0000000785526015,"coeff Rp",-7.8552601431310749E-8,"coeff Im",1.6518792430084636E-11,"coeff Ip",-1.6518792430084636E-11,"Lam_Rp",67964942.927027524,"Lam_Rm",17.825787626206875,null,"Lam_Ip",-11585.484250459545,"Lam_Im",-31319.595229767074]
["T",393,20459053.985007331,68464838.112906039,null,null,null,null,"K",3.3464322525898798,"kex",88923892.09791337,"R2HS",16.71825445873106,"R2LS",0.1,"coeff Rm",1.0000000389647721,"coeff Rp",-3.896477193869141E-8,"coeff Im",1.1320839963102717E-11,"coeff Ip",-1.1320839963102717E-11,"Lam_Rp",88923892.55643931,"Lam_Rm",16.359728522598743,null,"Lam_Ip",-9595.409605462617,"Lam_Im",-32110.379991923499]
[]
[]
[]
[]
[]
[]
[]
[]
[]
[]
[]
["H9","C0",737.71,"C1",5.83]
[null,null,5.83]
[null,null,"kHSLS","kLSHS",null,null,null,null,null,null,null,null,null,null,null,null,null,null,null,null,null,null,null,null,null,"Pi*linienbreite",null,"Pi*linienbreite H9",null,null,"Lamorfrequenz p",null,"Lamorfrequenz m"]
["T",173,{"$f":"$F$4*EXP(-$F$5/($F$3*B141))","v":102856.8978908503},{"$f":"$H$4*EXP(-$H$5/($F$3*B141))","v":10.539492977522919},null,null,null,null,"K",{"$f":"D141/C141","v":1.024675368754288E-4},"kex",{"$f":"D141+C141","v":102867.43738382783},"R2HS",332.9816593359003,"R2LS",0.1,"coeff Rm",-7.2095655680908265E-6,"coeff Rp",1.0000072095655681,"coeff Im",-5.1159942095682408E-6,"coeff Ip",5.1159942095682408E-6,"Lam_Rp",1.0403298267046921,"Lam_Rm",103199.47871333703,null,"Lam_Ip",-2.9497341160476935,"Lam_Im",-31708.976572033374]
["T",{"$f":"B141+10","v":183},{"$f":"$F$4*EXP(-$F$5/($F$3*B142))","v":172431.8536885808},48.734862105716374,null,null,null,null,"K",2.8263259405500327E-4,"kex",172480.58855068652,"R2HS",253.69556211767485,"R2LS",0.1,"coeff Rm",-8.2047742981910393E-6,"coeff Rp",1.0000082047742982,"coeff Im",-3.1928240918347518E-6,"coeff Ip",3.1928240918347518E-6,"Lam_Rp",1.6877323713561054,"Lam_Rm",172732.69638043284,null,"Lam_Ip",-8.4559943755648419,"Lam_Im",-30971.424348073262]
["T",{"$f":"B142+10","v":193},273999.22610247432,192.28516193664967,null,null,null,null,"K",7.0177264611957703E-4,"kex",274191.51126441098,"R2HS",201.02192364109328,"R2LS",0.1,"coeff Rm",-8.2276362011599123E-6,"coeff Rp",1.000008227636201,"coeff Im",-1.9532175609697947E-6,"coeff Ip",1.9532175609697947E-6,"Lam_Rp",2.5576101244951133,"Lam_Rm",274390.07557792752,null,"Lam_Ip",-20.978624132008918,"Lam_Im",-30302.715439973792]
["T",203,415973.08455034462,662.70789565312691,null,null,null,null,"K",1.593150903908833E-3,"kex",416635.79244599777,"R2HS",159.76494779757604,"R2LS",0.1,"coeff Rm",-7.9474918093822244E-6,"coeff Rp",1.0000079474918093,"coeff Im",-1.2232771498311968E-6,"coeff Ip",1.2232771498311968E-6,"Lam_Rp",3.7026426054071635,"Lam_Rm",416791.95475118991,null,"Lam_Ip",-47.01816942518235,"Lam_Im",-29685.138510755627]
["T",213,607234.1090716609,2033.4834498461862,null,null,null,null,"K",3.3487635484689329E-3,"kex",609267.59252150706,"R2HS",132.64197671028035,"R2LS",0.1,"coeff Rm",-7.577102865205671E-6,"coeff Rp",1.0000075771028651,"coeff Im",-7.9232630386982251E-7,"coeff Ip",7.9232630386982251E-7,"Lam_Rp",5.1827597150113434,"Lam_Rm",609395.15173850232,null,"Lam_Ip",-97.181640016164238,"Lam_Im",-29098.981072570641]
["T",223,856865.13834474783,5642.7306341338117,null,null,null,null,"K",6.5853194179823632E-3,"kex",862507.86897888163,"R2HS",107.32537296499497,"R2LS",0.1,"coeff Rm",-7.1720060022482574E-6,"coeff Rp",1.0000071720060022,"coeff Im",-5.2548407654663073E-7,"coeff Ip",5.2548407654663073E-7,"Lam_Rp",7.0029639852582477,"Lam_Rm",862608.29138786136,null,"Lam_Ip",-187.56602297915742,"Lam_Im",-28520.673929869605]
["T",233,1173900.6344831157,14344.681141540883,null,null,null,null,"K",1.2219672364226159E-2,"kex",1188245.3156246566,"R2HS",88.360672563789876,"R2LS",0.1,"coeff Rm",-6.7332309842520447E-6,"coeff Rp",1.0000067332309843,"coeff Im",-3.5487504385445569E-7,"coeff Ip",3.5487504385445569E-7,"Lam_Rp",9.176486270967871,"Lam_Rm",1188324.5998109495,null,"Lam_Ip",-340.94963613217988,"Lam_Im",-27921.249338930305]
["T",243,1567103.2795424524,33770.893783163898,null,null,null,null,"K",2.1549883931724013E-2,"kex",1600874.1733256164,"R2HS",72.709948871614074,"R2LS",0.1,"coeff Rm",-6.2442666036750308E-6,"coeff Rp",1.0000062442666036,"coeff Im",-2.4076679603637411E-7,"coeff Ip",2.4076679603637411E-7,"Lam_Rp",11.634745122748427,"Lam_Rm",1600935.3485293649,null,"Lam_Ip",-587.34529514814858,"Lam_Im",-27265.523893715406]
["T",253,2044775.4318899652,74301.712397980315,null,null,null,null,"K",3.633734601814146E-2,"kex",2119077.1442879457,"R2HS",59.38917787473703,"R2LS",0.1,"coeff Rm",-5.6847234936647806E-6,"coeff Rp",1.0000056847234937,"coeff Im",-1.6164793417473542E-7,"coeff Ip",1.6164793417473542E-7,"Lam_Rp",14.229544775793329,"Lam_Rm",2119122.4039210444,null,"Lam_Ip",-963.19670501903602,"Lam_Im",-26512.700783511114]
["T",263,2614608.6721385354,153961.73237324579,null,null,null,null,"K",5.8885191506428271E-2,"kex",2768570.4045117814,"R2HS",50.36307704575232,"R2LS",0.1,"coeff Rm",-5.040619715150523E-6,"coeff Rp",1.0000050406197152,"coeff Im",-1.0648641019768445E-7,"coeff Ip",1.0648641019768445E-7,"Lam_Rp",16.853120029671118,"Lam_Rm",2768604.0144687975,null,"Lam_Ip",-1508.4071669734913,"Lam_Im",-25619.185670678271]
["T",273,3283571.3050605268,302444.88568548916,null,null,null,null,"K",9.210851770429701E-2,"kex",3586016.1907460159,"R2HS",43.778174590787813,"R2LS",0.1,"coeff Rm",-4.3141653899156772E-6,"coeff Rp",1.0000043141653898,"coeff Im",-6.7681081313317274E-8,"coeff Ip",6.7681081313317274E-8,"Lam_Rp",19.256018927786499,"Lam_Rm",3586040.812901679,null,"Lam_Ip",-2260.5727783334714,"Lam_Im",-24544.232232680071]
["T",283,4057831.3898929036,566443.35772450909,null,null,null,null,"K",0.13959263047138559,"kex",4624274.7476174124,"R2HS",38.073480321498806,"R2LS",0.1,"coeff Rm",-3.5309302311135486E-6,"coeff Rp",1.0000035309302311,"coeff Im",-4.0679491719901955E-8,"coeff Ip",4.0679491719901955E-8,"Lam_Rp",21.080294024199247,"Lam_Rm",4624291.8408037098,null,"Lam_Ip",-3246.5504418949713,"Lam_Im",-23258.278603020161]
["T",293,4942711.4778055223,1016401.6237152378,null,null,null,null,"K",0.20563644636738992,"kex",5959113.10152076,"R2HS",33.070796536977852,"R2LS",0.1,"coeff Rm",-2.7398603369215116E-6,"coeff Rp",1.0000027398603368,"coeff Im",-2.2778928519359097E-8,"coeff Ip",2.2778928519359097E-8,"Lam_Rp",22.05108495708555,"Lam_Rm",5959124.2212323407,null,"Lam_Ip",-4472.9710618568533,"Lam_Im",-21752.358192120169]
["T",303,5942670.5411350438,1754747.171347511,null,null,null,null,"K",0.29527922828654002,"kex",7697417.7124825548,"R2HS",28.617143885115873,"R2LS",0.1,"coeff Rm",-2.0024465876652031E-6,"coeff Rp",1.0000020024465877,"coeff Im",-1.1748650206999218E-8,"coeff Ip",1.1748650206999218E-8,"Lam_Rp",22.014733635820448,"Lam_Rm",7697424.4148928048,null,"Lam_Ip",-5918.9025756809442,"Lam_Im",-20045.375718442992]
["T",313,7061308.3918514308,2925569.6924725533,null,null,null,null,"K",0.41430986017387172,"kex",9986878.0843239836,"R2HS",25.0825470446323,"R2LS",0.1,"coeff Rm",-1.3737656456035602E-6,"coeff Rp",1.0000013737656457,"coeff Im",-5.5990699147324608E-9,"coeff Ip",5.5990699147324608E-9,"Lam_Rp",21.138087591156363,"Lam_Rm",9986882.1287834365,null,"Lam_Ip",-7534.3836304065262,"Lam_Im",-18185.524276378896]
["T",323,8301388.0419237204,4725638.2111864816,null,null,null,null,"K",0.56925880194023393,"kex",13027026.253110202,"R2HS",22.972034298290982,"R2LS",0.1,"coeff Rm",-8.8509862051107922E-7,"coeff Rp",1.0000008850986206,"coeff Im",-2.5391394832086275E-9,"coeff Ip",2.5391394832086275E-9,"Lam_Rp",19.927184571512043,"Lam_Rm",13027029.397959929,null,"Lam_Ip",-9246.8784514308409,"Lam_Im",-16243.790361349724]
["T",333,9664871.8250229862,7416567.9837533189,null,null,null,null,"K",0.76737365151096348,"kex",17081439.808776304,"R2HS",20.422642785452908,"R2LS",0.1,"coeff Rm",-5.378860372408763E-7,"coeff Rp",1.0000005378860373,"coeff Im",-1.0745020533407035E-9,"coeff Ip",1.0745020533407035E-9,"Lam_Rp",18.111724756658077,"Lam_Rm",17081442.219694331,null,"Lam_Ip",-10974.18848642205,"Lam_Im",-14301.009346107699]
["T",343,11152967.579476357,11337882.11002711,null,null,null,null,"K",1.0165798500921883,"kex",22490849.689503469,"R2HS",18.674407127439451,"R2LS",0.1,"coeff Rm",1.0000003106612887,"coeff Rp",-3.1066128860386124E-7,"coeff Im",4.5460290076654554E-10,"coeff Ip",-4.5460290076654554E-10,"Lam_Rp",22490852.013317943,"Lam_Rm",16.450592653825879,null,"Lam_Ip",-12433.086398305184,"Lam_Im",-12639.204359527734]
["T",353,12766181.717157552,16920661.015156567,null,null,null,null,"K",1.3254284945995605,"kex",29686842.732314117,"R2HS",18.950648646121195,"R2LS",0.1,"coeff Rm",1.0000001721686032,"coeff Rp",-1.7216860323103792E-7,"coeff Im",2.2049573226492641E-10,"coeff Ip",-2.2049573226492641E-10,"Lam_Rp",29686845.827486742,"Lam_Rm",15.955476026982069,null,"Lam_Ip",-10699.488936481173,"Lam_Im",-14181.390898195814]
["T",363,14504376.525562011,24701438.816093843,null,null,null,null,"K",1.7030334790717052,"kex",39205815.34165585,"R2HS",18.102772793566498,"R2LS",0.1,"coeff Rm",1.0000000925153838,"coeff Rp",-9.2515383775273975E-8,"coeff Im",1.0454194442585684E-10,"coeff Ip",-1.0454194442585684E-10,"Lam_Rp",39205818.474727385,"Lam_Rm",15.069701261818409,null,"Lam_Ip",-9137.8918701695475,"Lam_Im",-15562.123097723732]
["T",373,16366829.541638667,35335989.825934969,null,null,null,null,"K",2.159000296058383,"kex",51702819.367573634,"R2HS",17.459432037827806,"R2LS",0.1,"coeff Rm",1.0000000486944365,"coeff Rp",-4.8694436546905238E-8,"coeff Im",5.1972151726097265E-11,"coeff Ip",-5.1972151726097265E-11,"Lam_Rp",51702822.445164636,"Lam_Rm",14.481841046363115,null,"Lam_Ip",-7764.7532520651384,"Lam_Im",-16764.094697129352]
["T",383,18352293.279748388,49612650.304018356,null,null,null,null,"K",2.7033488157453069,"kex",67964943.583766744,"R2HS",17.069048417404417,"R2LS",0.1,"coeff Rm",1.0000000253357384,"coeff Rp",-2.5335738306256871E-8,"coeff Im",2.6932202002815098E-11,"coeff Ip",-2.6932202002815098E-11,"Lam_Rp",67964946.543907434,"Lam_Rm",14.208907715976238,null,"Lam_Ip",-6579.6197438248719,"Lam_Im",-17786.999412190351]
["T",393,20459053.985007331,68464838.112906039,null,null,null,null,"K",3.3464322525898798,"kex",88923892.09791337,"R2HS",16.71825445873106,"R2LS",0.1,"coeff Rm",1.0000000131329969,"coeff Rp",-1.3132996948348862E-8,"coeff Im",1.4166627190524729E-11,"coeff Ip",-1.4166627190524729E-11,"Lam_Rp",88923894.853500739,"Lam_Rm",14.062667086720467,null,"Lam_Ip",-5570.6959399148736,"Lam_Im",-18641.950341149033]
[]
[]
[]
[]
[]
[]
[]
[]
["H7","C0",30240,"C1",-17.693999999999999]
[]
[null,null,"kHSLS","kLSHS",null,null,null,null,null,null,null,null,null,null,null,null,null,null,null,null,null,null,null,null,null,"Pi*linienbreite",null,"Pi*linienbreite H7",null,null,"Lamorfrequenz p",null,"Lamorfrequenz m"]
["T",173,{"$f":"$F$4*EXP(-$F$5/($F$3*B175))","v":102856.8978908503},{"$f":"$H$4*EXP(-$H$5/($F$3*B175))","v":10.539492977522919},null,null,null,null,"K",{"$f":"D175/C175","v":1.024675368754288E-4},"kex",{"$f":"D175+C175","v":102867.43738382783},"R2HS",955.11065567065657,"R2LS",0.1,"coeff Rm",8.9956119304263548E-5,"coeff Rp",0.99991004388069571,"coeff Im",-3.917912007865407E-5,"coeff Ip",3.917912007865407E-5,"Lam_Rp",10.197116443356208,"Lam_Rm",103812.45092305512,null,"Lam_Ip",-2.1033984591485932,"Lam_Im",-493553.68823837541]
["T",{"$f":"B175+10","v":183},{"$f":"$F$4*EXP(-$F$5/($F$3*B176))","v":172431.8536885808},48.734862105716374,null,null,null,null,"K",2.8263259405500327E-4,"kex",172480.58855068652,"R2HS",727.68973269640969,"R2LS",0.1,"coeff Rm",1.8774088196275802E-4,"coeff Rp",0.99981225911803717,"coeff Im",-1.6199978551100297E-4,"coeff Ip",1.6199978551100297E-4,"Lam_Rp",42.892911190559971,"Lam_Rm",173165.48537219234,null,"Lam_Ip",-15.90999329922488,"Lam_Im",-463532.06022006803]
["T",{"$f":"B176+10","v":193},273999.22610247432,192.28516193664967,null,null,null,null,"K",7.0177264611957703E-4,"kex",274191.51126441098,"R2HS",576.60287259046959,"R2LS",0.1,"coeff Rm",2.1874885444679083E-4,"coeff Rp",0.99978125114555316,"coeff Im",-4.5259860357361559E-4,"coeff Ip",4.5259860357361559E-4,"Lam_Rp",138.008211570821,"Lam_Rm",274630.20592543064,null,"Lam_Ip",-86.500392132555135,"Lam_Im",-436563.26719812665]
["T",203,415973.08455034462,662.70789565312691,null,null,null,null,"K",1.593150903908833E-3,"kex",416635.79244599777,"R2HS",458.2630897703599,"R2LS",0.1,"coeff Rm",-7.8058713623561987E-6,"coeff Rp",1.0000078058713624,"coeff Im",-7.8751838855618676E-4,"coeff Ip",7.8751838855618676E-4,"Lam_Rp",328.33158285656828,"Lam_Rm",416765.82395291154,null,"Lam_Ip",-331.23477237959742,"Lam_Im",-412070.39941872307]
["T",213,607234.1090716609,2033.4834498461862,null,null,null,null,"K",3.3487635484689329E-3,"kex",609267.59252150706,"R2HS",380.46469465577866,"R2LS",0.1,"coeff Rm",-4.0808256506307883E-4,"coeff Rp",1.0004080825650632,"coeff Im",-8.8268327120859128E-4,"coeff Ip",8.8268327120859128E-4,"Lam_Rp",592.66664561355719,"Lam_Rm",609055.49057054915,null,"Lam_Ip",-924.58830358070554,"Lam_Im",-389505.732525845]
["T",223,856865.13834474783,5642.7306341338117,null,null,null,null,"K",6.5853194179823632E-3,"kex",862507.86897888163,"R2HS",307.84760802482521,"R2LS",0.1,"coeff Rm",-7.0514674953369187E-4,"coeff Rp",1.0007051467495336,"coeff Im",-7.3395882311285137E-4,"coeff Ip",7.3395882311285137E-4,"Lam_Rp",878.15779076959006,"Lam_Rm",861937.65879613685,null,"Lam_Ip",-2049.7718385413464,"Lam_Im",-368379.75700693624]
["T",233,1173900.6344831157,14344.681141540883,null,null,null,null,"K",1.2219672364226159E-2,"kex",1188245.3156246566,"R2HS",253.45005510579065,"R2LS",0.1,"coeff Rm",-8.1760990818952799E-4,"coeff Rp",1.0008176099081896,"coeff Im",-5.1937483610688269E-4,"coeff Ip",5.1937483610688269E-4,"Lam_Rp",1151.8306117197499,"Lam_Rm",1187347.0350680428,null,"Lam_Ip",-3916.5886956661998,"Lam_Im",-348228.95434474293]
["T",243,1567103.2795424524,33770.893783163898,null,null,null,null,"K",2.1549883931724013E-2,"kex",1600874.1733256164,"R2HS",208.55817428218319,"R2LS",0.1,"coeff Rm",-8.0474921107267388E-4,"coeff Rp",1.0008047492110725,"coeff Im",-3.3858550872127612E-4,"coeff Ip",3.3858550872127612E-4,"Lam_Rp",1399.6654292627936,"Lam_Rm",1599683.1660706354,null,"Lam_Ip",-6792.4471712719824,"Lam_Im",-328573.96486283967]
["T",253,2044775.4318899652,74301.712397980315,null,null,null,null,"K",3.633734601814146E-2,"kex",2119077.1442879457,"R2HS",170.34943225645023,"R2LS",0.1,"coeff Rm",-7.2812160256902373E-4,"coeff Rp",1.000728121602569,"coeff Im",-2.0985745239530455E-4,"coeff Ip",2.0985745239530455E-4,"Lam_Rp",1609.3194637431297,"Lam_Rm",2117638.2742564594,null,"Lam_Ip",-10990.078338804509,"Lam_Im",-308923.61620729417]
["T",263,2614608.6721385354,153961.73237324579,null,null,null,null,"K",5.8885191506428271E-2,"kex",2768570.4045117814,"R2HS",144.45934239950543,"R2LS",0.1,"coeff Rm",-6.2279003834162731E-4,"coeff Rp",1.0006227900383415,"coeff Im",-1.2424683357740022E-4,"coeff Ip",1.2424683357740022E-4,"Lam_Rp",1764.0527838803828,"Lam_Rm",2766950.9110703003,null,"Lam_Ip",-16822.419763831422,"Lam_Im",-288813.66889030085]
["T",273,3283571.3050605268,302444.88568548916,null,null,null,null,"K",9.210851770429701E-2,"kex",3586016.1907460159,"R2HS",125.57148378941896,"R2LS",0.1,"coeff Rm",-5.0710945325103235E-4,"coeff Rp",1.0005071094532509,"coeff Im",-6.9616259970118599E-5,"coeff Ip",6.9616259970118599E-5,"Lam_Rp",1844.318148790393,"Lam_Rm",3584297.544081015,null,"Lam_Ip",-24535.41489276028,"Lam_Im",-267869.0463230295]
["T",283,4057831.3898929036,566443.35772450909,null,null,null,null,"K",0.13959263047138559,"kex",4624274.7476174124,"R2HS",109.20837750059813,"R2LS",0.1,"coeff Rm",-3.9234016325747484E-4,"coeff Rp",1.0003923401632575,"coeff Im",-3.6312208510433929E-5,"coeff Ip",3.6312208510433929E-5,"Lam_Rp",1834.0431671887636,"Lam_Rm",4622550.0128277242,null,"Lam_Ip",-34226.638478225534,"Lam_Im",-245881.29264468767]
["T",293,4942711.4778055223,1016401.6237152378,null,null,null,null,"K",0.20563644636738992,"kex",5959113.10152076,"R2HS",94.858888705700963,"R2LS",0.1,"coeff Rm",-2.8699607095766187E-4,"coeff Rp",1.0002869960709575,"coeff Im",-1.7282629289312281E-5,"coeff Ip",1.7282629289312281E-5,"Lam_Rp",1728.600366789382,"Lam_Rm",5957479.460042676,null,"Lam_Ip",-45769.661408395783,"Lam_Im",-222881.09321159823]
["T",303,5942670.5411350438,1754747.171347511,null,null,null,null,"K",0.29527922828654002,"kex",7697417.7124825548,"R2HS",82.084217833638789,"R2LS",0.1,"coeff Rm",-1.9755827562053705E-4,"coeff Rp",1.0001975582756206,"coeff Im",-7.3363790731462999E-6,"coeff Ip",7.3363790731462999E-6,"Lam_Rp",1539.9159753774293,"Lam_Rm",7695959.9807250109,null,"Lam_Ip",-58774.999401313427,"Lam_Im",-199174.82798988154]
["T",313,7061308.3918514308,2925569.6924725533,null,null,null,null,"K",0.41430986017387172,"kex",9986878.0843239836,"R2HS",71.945728186555328,"R2LS",0.1,"coeff Rm",-1.2766294507376318E-4,"coeff Rp",1.0001276629450737,"coeff Im",-2.7002813272735496E-6,"coeff Ip",2.7002813272735496E-6,"Lam_Rp",1296.056456101127,"Lam_Rm",9985654.0735960715,null,"Lam_Ip",-72615.883837546309,"Lam_Im",-175316.78164298373]
["T",323,8301388.0419237204,4725638.2111864816,null,null,null,null,"K",0.56925880194023393,"kex",13027026.253110202,"R2HS",65.892021754256334,"R2LS",0.1,"coeff Rm",-7.7517801057172956E-5,"coeff Rp",1.0000775178010572,"coeff Im",-8.2219819335694842E-7,"coeff Ip",8.2219819335694842E-7,"Lam_Rp",1033.6916110161692,"Lam_Rm",13026058.553520938,null,"Lam_Ip",-86524.760727427332,"Lam_Im",-152011.00054588448]
["T",333,9664871.8250229862,7416567.9837533189,null,null,null,null,"K",0.76737365151096348,"kex",17081439.808776304,"R2HS",58.579453836118574,"R2LS",0.1,"coeff Rm",-4.4431196377613493E-5,"coeff Rp",1.0000444311963776,"coeff Im",-1.7993433848782386E-7,"coeff Ip",1.7993433848782386E-7,"Lam_Rp",784.37827029451728,"Lam_Rm",17080714.109959844,null,"Lam_Ip",-99732.817355725128,"Lam_Im",-129970.41834143267]
["T",343,11152967.579476357,11337882.11002711,null,null,null,null,"K",1.0165798500921883,"kex",22490849.689503469,"R2HS",53.564887841936709,"R2LS",0.1,"coeff Rm",1.0000242231006131,"coeff Rp",-2.4223100613113654E-5,"coeff Im",7.7796287449705144E-9,"coeff Ip",-7.7796287449705144E-9,"Lam_Rp",22490331.530461479,"Lam_Rm",571.82392983138561,null,"Lam_Ip",-109782.99118419806,"Lam_Im",-111602.73500538609]
["T",353,12766181.717157552,16920661.015156567,null,null,null,null,"K",1.3254284945995605,"kex",29686842.732314117,"R2HS",18.950648646121195,"R2LS",0.1,"coeff Rm",1.0000126821833084,"coeff Rp",-1.2682183308406375E-5,"coeff Im",-2.3294160284012524E-8,"coeff Ip",2.3294160284012524E-8,"Lam_Rp",29686474.453531265,"Lam_Rm",387.3294315058738,null,"Lam_Ip",-91827.694310628009,"Lam_Im",-121711.76936897876]
["T",363,14504376.525562011,24701438.816093843,null,null,null,null,"K",1.7030334790717052,"kex",39205815.34165585,"R2HS",18.102772793566498,"R2LS",0.1,"coeff Rm",1.0000064430140028,"coeff Rp",-6.4430140027679452E-6,"coeff Im",-1.6495664899697131E-8,"coeff Ip",1.6495664899697131E-8,"Lam_Rp",39205569.500650257,"Lam_Rm",264.04377838596702,null,"Lam_Ip",-76256.801596736099,"Lam_Im",-129868.70053763033]
["T",373,16366829.541638667,35335989.825934969,null,null,null,null,"K",2.159000296058383,"kex",51702819.367573634,"R2HS",17.459432037827806,"R2LS",0.1,"coeff Rm",1.000003208550732,"coeff Rp",-3.2085507319393555E-6,"coeff Im",-8.5073260263482331E-9,"coeff Ip",8.5073260263482331E-9,"Lam_Rp",51702659.072147846,"Lam_Rm",177.85485783219337,null,"Lam_Ip",-63028.934576286345,"Lam_Im",-136080.13746298666]
["T",383,18352293.279748388,49612650.304018356,null,null,null,null,"K",2.7033488157453069,"kex",67964943.583766744,"R2HS",17.069048417404417,"R2LS",0.1,"coeff Rm",1.0000015805916345,"coeff Rp",-1.5805916344152008E-6,"coeff Im",-3.8385984885582904E-9,"coeff Ip",3.8385984885582904E-9,"Lam_Rp",67964840.841039732,"Lam_Rm",119.91177542507648,null,"Lam_Ip",-51968.798169117603,"Lam_Im",-140490.23699151597]
["T",393,20459053.985007331,68464838.112906039,null,null,null,null,"K",3.3464322525898798,"kex",88923892.09791337,"R2HS",16.71825445873106,"R2LS",0.1,"coeff Rm",1.0000007762345036,"coeff Rp",-7.7623450350555647E-7,"coeff Im",-1.6158416033250892E-9,"coeff Ip",1.6158416033250892E-9,"Lam_Rp",88923826.995496124,"Lam_Rm",81.920671701431274,null,"Lam_Ip",-42827.571270944456,"Lam_Im",-143319.85127968271]

{"sheet":"Br Rechnung","index":2,"n_rows":197,"n_cols":53,"rows_kept":197,"cut":false,"hidden":false,"merged":[]}
["Magnet",500,null,null,"dH",11200,"T12",{"$f":"F1/F2","v":137.42331288343559}]
["K",3,null,null,"dS",81.5]
["kex",0,null,null,"R",8.3140000000000001]
[null,null,null,null,"AHSLS",{"$f":"H4/EXP(F2/F3)","v":9015919073.0683899},"ALSHS",163037279634596.41,"C0",79067]
[null,null,null,null,"EaHSLS",24300,"EaLSHS",{"$f":"F5+F1","v":35500},"C1",-70.233000000000004]
["H1",null,null,null,"R",8.41,null,null,null,null,null,null,null,null,null,null,null,null,null,null,null,null,null,null,null,null,null,null,null,null,null,null,null,null,null,null,null,null,null,null,null,"R2_","H6","H9","H4/5","H3","H4/5","H2","H10/8","H10/8","H7","H1","H7"]
[null,null,"kHSLS","kLSHS","gHS",null,null,null,null,null,null,null,null,null,null,null,null,null,null,null,null,null,null,null,null,"Pi*linienbreite",null,"Pi*linienbreite H1 minus",null,null,"Lamorfrequenz p",null,"Lamorfrequenz m",null,null,null,null,"R2HS-LW",null,null,null,183.14999999999998,1344.6016557364314,1055.5751316061705,1278.6282100110459,1363.4512116579701,1451.4158059584845,1605.3538459843842,1621.0618092523332,1884.9555921538758,1969.7785938008003,12820.839619299946,1969.7785938008003]
["T",173,{"$f":"$F$4*EXP(-$F$5/($F$3*B8))","v":414.70633133115922},{"$f":"$H$4*EXP(-$H$5/($F$3*B8))","v":3113.3711019847533},{"$f":"D8/(C8+D8)","v":0.88245543382493408},null,null,null,"K",{"$f":"D8/C8","v":7.5074115507018986},"kex",{"$f":"D8+C8","v":3528.0774333159125},"R2HS",11449.973600105115,"R2LS",0.1,"coeff Rm",0.88245176508442513,"coeff Rp",0.11754823491557484,"coeff Im",-6.0229658091690236E-4,"coeff Ip",6.0229658091690236E-4,"Lam_Rp",3113.4634505705517,"Lam_Rm",11864.687582850474,null,"Lam_Ip",-1.0624565674224868,"Lam_Im",-1215172.2603650396,null,"LamorHS",-1215173.3228216071,{"$f":"(AG8/AJ8)","v":0.99999912567487481},{"$f":"AB8-N8","v":414.71398274535932},{"$f":"C8+N8","v":11864.679931436274},null,null,193.14999999999998,2419.0263432641409,967.61053730565629,1771.8582566246432,1884.9555921538758,1884.9555921538758,2871.4156853810709,3125.8846903218441,3157.3006168577422,3047.3448739820992,9003.8045451883463,3047.3448739820992]
["T",{"$f":"B8+10","v":183},{"$f":"$F$4*EXP(-$F$5/($F$3*B9))","v":1043.9611702090681},{"$f":"$H$4*EXP(-$H$5/($F$3*B9))","v":11994.210229440454},{"$f":"D9/(C9+D9)","v":0.91993039988436331},null,null,null,"K",11.489134434989035,"kex",13038.171399649522,"R2HS",8723.6260835043049,"R2LS",0.1,"coeff Rm",0.91994184906789345,"coeff Rp",8.0058150932106567E-2,"coeff Im",-1.6897283535253771E-3,"coeff Ip",1.6897283535253771E-3,"Lam_Rp",11994.331808435722,"Lam_Rm",9767.5656747181074,null,"Lam_Ip",-11.015585077810101,"Lam_Im",-1136702.3728288147,null,"LamorHS",-1136713.3884138924,{"$f":"(AG9/AJ9)","v":0.99999030926776267},{"$f":"AB9-N9","v":1043.9395912138025},{"$f":"C9+N9","v":9767.5872537133728},null,null,213.14999999999998,2111.1502632123411,260.75219024795285,449.24774946334043,471.23889803846896,471.23889803846896,4417.0792709472489,5585.7517380826521,5868.4950769057332,6867.5215407472879,13336.060814488672,6867.5215407472879]
["T",{"$f":"B9+10","v":193},2388.2481907248202,40180.366920389315,0.94389650251738444,null,null,null,"K",16.824200716004643,"kex",42568.615111114137,"R2HS",6912.379868979493,"R2LS",0.1,"coeff Rm",0.94409363719379591,"coeff Rp",5.5906362806204118E-2,"coeff Im",-4.2206903208466566E-3,"coeff Ip",4.2206903208466566E-3,"Lam_Rp",40183.071195455515,"Lam_Rm",9298.0237846381133,null,"Lam_Ip",-89.919153077062219,"Lam_Im",-1066294.0980041591,null,"LamorHS",-1066384.0171572361,0.99991567845013585,2385.6439156586202,9300.6280597043133,null,null,233.14999999999998,354.99996985564661,87.964594300514207,125.66370614359172,150.79644737231007,144.51326206513048,747.69905155437073,882.78753565873183,977.03531526642564,1774.9998492782331,9283.4062913578382,1774.9998492782331]
["T",203,5035.7734511608951,119488.97627155788,0.95956005964778779,null,null,null,"K",23.728028560143454,"kex",124524.74972271879,"R2HS",5493.7092876310016,"R2LS",0.1,"coeff Rm",0.96112978600682464,"coeff Rp",3.8870213993175251E-2,"coeff Im",-9.4167845374248313E-3,"coeff Ip",9.4167845374248313E-3,"Lam_Rp",119553.60237431829,"Lam_Rm",10464.956636031486,null,"Lam_Ip",-593.26637982070679,"Lam_Im",-1002390.381615011,null,"LamorHS",-1002983.6479948318,0.99940849845258517,4971.247348400484,10529.482738791896,null,null,253.14999999999998,137.41326266801755,56.548667764616276,78.539816339744831,81.681408993334628,65.973445725385659,229.33626371205489,248.18581963359367,292.16811678385073,433.53978619539146,2996.0112500224418,433.53978619539146]
["T",213,9899.9185491061799,320773.99915554811,0.97006138670438347,null,null,null,"K",32.401680636504771,"kex",330673.91770465428,"R2HS",4561.0534064472549,"R2LS",0.1,"coeff Rm",0.97857562650203656,"coeff Rp",2.1424373497963344E-2,"coeff Im",-1.6657213559971951E-2,"coeff Ip",1.6657213559971951E-2,"Lam_Rp",321767.14584242762,"Lam_Rm",13467.925268673949,null,"Lam_Ip",-3045.6183216326172,"Lam_Im",-942490.74681712396,null,"LamorHS",-945536.36513875658,0.99677895167872721,8906.8718622266933,14460.971955553436,null,null,273.14999999999998,97.389372261283583,50.26548245743669,69.115038378975441,65.973445725385659,53.407075111026487,147.65485471872029,153.93804002589985,185.35396656179779,241.90263432641407,1884.9555921538758,241.90263432641407]
["T",223,18317.589420025852,788146.01051061298,0.97728652673028116,null,null,null,"K",43.026731980844929,"kex",806463.5999306388,"R2HS",3690.5116321466335,"R2LS",0.1,"coeff Rm",0.99883850205230962,"coeff Rp",1.1614979476903607E-3,"coeff Im",-1.282142827526702E-2,"coeff Ip",1.282142827526702E-2,"Lam_Rp",796240.55595307704,"Lam_Rm",13913.655609708454,null,"Lam_Ip",-9242.0355311615858,"Lam_Im",-883999.26942919462,null,"LamorHS",-893241.30496035621,0.98965337196137415,10223.14397756182,22008.101052172486,null,null,298.14999999999998,62.831853071795862,null,47.123889803846893,47.123889803846893,43.982297150257104,94.247779607693786,94.247779607693786,117.93538821576082,132.98047543380235,1277.7485640680407,132.98047543380235]
["T",233,32148.909540286924,1792680.230454708,0.98238250977273678,null,null,null,"K",55.761774072250809,"kex",1824829.139994995,"R2HS",3038.3876702420148,"R2LS",0.1,"coeff Rm",1.0020814024814273,"coeff Rp",-2.0814024814273789E-3,"coeff Im",-2.3297138901292817E-3,"coeff Ip",2.3297138901292817E-3,"Lam_Rp",1819202.393490108,"Lam_Rm",8665.2341751290951,null,"Lam_Ip",-12384.547129804152,"Lam_Im",-833050.5440193963,null,"LamorHS",-845435.09114920045,0.98535127384768262,5626.8465048870803,35187.297210528937,null,null,323.14999999999998,56.548667764616276,null,43.982297150257104,40.840704496667314,40.840704496667314,81.681408993334628,78.539816339744831,100.53096491487338,106.81415022205297,1068.1415022205297,106.81415022205297]
["T",243,53871.286595292375,3810875.9163612719,0.98606085113301056,null,null,null,"K",70.740391722782633,"kex",3864747.2029565643,"R2HS",2500.2187709238056,"R2LS",0.1,"coeff Rm",1.0005264076223177,"coeff Rp",-5.2640762231786554E-4,"coeff Im",-2.179642411555014E-4,"coeff Ip",2.179642411555014E-4,"Lam_Rp",3862581.2875249381,"Lam_Rm",4666.2342025502585,null,"Lam_Ip",-10742.864962968859,"Lam_Im",-790820.68017846323,null,"LamorHS",-801563.54514143209,0.98659761284294267,2166.0154316264529,56371.505366216181]
["T",253,86661.426256544335,7632305.0795528563,0.98877292365612401,null,null,null,"K",88.070383897893606,"kex",7718966.5058094002,"R2HS",2042.1680886385425,"R2LS",0.1,"coeff Rm",1.0001051743309299,"coeff Rp",-1.0517433092984309E-4,"coeff Im",-1.9893499211422848E-5,"coeff Ip",1.9893499211422848E-5,"Lam_Rp",7718163.2737524435,"Lam_Rm",2845.5001455950551,null,"Lam_Ip",-8470.3907162142568,"Lam_Im",-752689.7148212255,null,"LamorHS",-761160.10553743981,0.98887173584822396,803.33205695651259,88703.594345182879]
["T",263,134460.05709209602,14499363.012627449,0.99081169312684103,null,null,null,"K",107.83397929614419,"kex",14633823.069719546,"R2HS",1731.7947893707069,"R2LS",0.1,"coeff Rm",1.000022133057233,"coeff Rp",-2.2133057233066163E-5,"coeff Im",-2.0478982343855161E-6,"coeff Ip",2.0478982343855161E-6,"Lam_Rp",14633513.78669541,"Lam_Rm",2041.1778135066852,null,"Lam_Ip",-6636.5275577345747,"Lam_Im",-717192.64328856417,null,"LamorHS",-723829.17084629869,0.99083136211549039,309.3830241359783,136191.85188146672]
["T",273,202015.69517294777,26279980.600499906,0.99237158358767852,null,null,null,"K",130.08880610984872,"kex",26481996.295672853,"R2HS",1505.3650231818337,"R2LS",0.1,"coeff Rm",1.0000051195784678,"coeff Rp",-5.1195784677533121E-6,"coeff Im",-2.4019837704132248E-7,"coeff Ip",2.4019837704132248E-7,"Lam_Rp",26481872.147753511,"Lam_Rm",1629.6129425279796,null,"Lam_Ip",-5254.8713823239086,"Lam_Im",-683978.23178317363,null,"LamorHS",-689233.10316549754,0.99237577046402814,124.24791934614586,203521.06019612961]
["T",283,294905.45889921306,45671831.558059581,0.99358437256944265,null,null,null,"K",154.86940027674561,"kex",45966737.016958795,"R2HS",1309.202270823936,"R2LS",0.1,"coeff Rm",1.000001301995401,"coeff Rp",-1.3019954011030434E-6,"coeff Im",-3.1562699797478446E-8,"coeff Ip",3.1562699797478446E-8,"Lam_Rp",45966685.648556292,"Lam_Rm",1360.6706733219326,null,"Lam_Ip",-4214.9869738025591,"Lam_Im",-652867.00029045588,null,"LamorHS",-657081.98726425844,0.99358529520592775,51.468402497996522,296214.661170037]
["T",293,419532.53963422158,76434242.744911432,0.99454115899861861,null,null,null,"K",182.189068842079,"kex",76853775.28454566,"R2HS",1137.1789906928939,"R2LS",0.1,"coeff Rm",1.0000003614548048,"coeff Rp",-3.6145480485257911E-7,"coeff Im",-4.5239776530083947E-9,"coeff Ip",4.5239776530083947E-9,"Lam_Rp",76853753.810133189,"Lam_Rm",1158.7534031495452,null,"Lam_Ip",-3423.2548436556826,"Lam_Im",-623702.23193924339,null,"LamorHS",-627125.48678289901,0.99454135589159898,21.574412456651316,420669.71862491447]
["T",303,583101.30391053238,123641942.78030454,0.99530608897578465,null,null,null,"K",212.04195900627832,"kex",124225044.08421507,"R2HS",984.03480434473022,"R2LS",0.1,"coeff Rm",1.0000001086747503,"coeff Rp",-1.0867475034587913E-7,"coeff Im",-6.8152338126524523E-10,"coeff Ip",6.8152338126524523E-10,"Lam_Rp",124225035.30229619,"Lam_Rm",992.91672322899103,null,"Lam_Ip",-2812.319323248812,"Lam_Im",-596333.99374273699,null,"LamorHS",-599146.3130659858,0.99530612262494378,8.8819188842608128,584085.33871487714]
["T",313,793572.07411385048,193953153.86817917,0.9959251069804943,null,null,null,"K",244.40521560030794,"kex",194746725.94229302,"R2HS",862.49345401550363,"R2LS",0.1,"coeff Rm",1.0000000351271503,"coeff Rp",-3.5127150372190839E-8,"coeff Im",-9.9263441622093268E-11,"coeff Ip",9.9263441622093268E-11,"Lam_Rp",194746722.71553066,"Lam_Rm",865.82021635770798,null,"Lam_Ip",-2334.7307409559726,"Lam_Im",-570620.21523539536,null,"LamorHS",-572954.94597635139,0.99592510587900152,3.3267623422043471,794434.56756786595]
["T",{"$f":"B22+10","v":323},1059598.3848722733,{"$f":"$H$4*EXP(-$H$5/($F$3*B23))","v":295883459.14510345},0.99643164452576805,null,null,null,"K",279.2411383118237,"kex",296943057.52997571,"R2HS",789.92094273518637,"R2LS",0.1,"coeff Rm",1.0000000121266979,"coeff Rp",-1.2126697675783663E-8,"coeff Im",-9.5395157987205957E-12,"coeff Ip",9.5395157987205957E-12,"Lam_Rp",296943056.84740335,"Lam_Rm",790.70351511240005,null,"Lam_Ip",-1956.8375833883765,"Lam_Im",-546428.49777946691,null,"LamorHS",-548385.33536285523,0.99643163765111709,0.78257237721368256,1060388.3058150085]
["T",333,1390449.9577259922,440076402.51530409,0.996850386501417,null,null,null,"K",316.49927426012937,"kex",441466852.47303009,"R2HS",702.25705885477805,"R2LS",0.1,"coeff Rm",1.0000000044452184,"coeff Rp",-4.4452184639038858E-9,"coeff Im",1.3719373687292944E-12,"coeff Ip",-1.3719373687292944E-12,"Lam_Rp",441466852.82214069,"Lam_Rm",702.00794830918312,null,"Lam_Ip",-1654.4677377994522,"Lam_Im",-523636.90930065868,null,"LamorHS",-525291.37703845813,0.99685038093119449,-0.24911054559493095,1391152.2147848469]
["T",343,1795924.8162569162,639561874.64747965,0.9971998082540533,null,null,null,"K",356.11840142643649,"kex",641357799.46373653,"R2HS",642.14187962557082,"R2LS",0.1,"coeff Rm",1.0000000017212549,"coeff Rp",-1.7212548525131851E-9,"coeff Im",1.7017020321443596E-12,"coeff Ip",-1.7017020321443596E-12,"Lam_Rp",641357800.25763869,"Lam_Rm",641.44797748327255,null,"Lam_Ip",-1410.0217203691136,"Lam_Im",-502133.98348491028,null,"LamorHS",-503544.00520527939,0.99719980437500333,-0.69390214229827052,1796566.9581365418]
["T",353,2286253.9284851812,909993934.38873994,0.99749391255256525,null,null,null,"K",398.02837429859807,"kex",912280188.3172251,"R2HS",687.40301441309055,"R2LS",0.1,"coeff Rm",1.0000000007008043,"coeff Rp",-7.0080427843625138E-10,"coeff Im",1.2559563572409752E-12,"coeff Ip",-1.2559563572409752E-12,"Lam_Rp",912280189.50033784,"Lam_Rm",686.31990164518356,null,"Lam_Ip",-1210.5138426099147,"Lam_Im",-481818.26524241874,null,"LamorHS",-483028.77908502863,0.99749390948319294,-1.0831127679069823,2286941.3314995943]
["T",363,2872001.566506207,1269860706.3936214,0.99774343697734524,null,null,null,"K",442.15181537606486,"kex",1272732707.9601276,"R2HS",687.40301441309055,"R2LS",0.1,"coeff Rm",1.0000000002987868,"coeff Rp",-2.9878683521055058E-10,"coeff Im",6.6913210594301724E-13,"coeff Ip",-6.6913210594301724E-13,"Lam_Rp",1272732709.2307949,"Lam_Rm",686.23234689235687,null,"Lam_Ip",-1046.2425987641327,"Lam_Im",-462597.62585473282,null,"LamorHS",-463643.86845349695,0.99774343484309647,-1.170667520733673,2872688.9695206201]
["T",373,3563964.265480455,1740660267.4457786,0.99795670522133273,null,null,null,"K",488.40564545085908,"kex",1744224231.7112591,"R2HS",687.40301441309055,"R2LS",0.1,"coeff Rm",1.0000000001329048,"coeff Rp",-1.3290474706774781E-10,"coeff Im",3.4268460118788401E-13,"coeff Ip",-3.4268460118788401E-13,"Lam_Rp",1744224232.9838061,"Lam_Rm",686.23046720027924,null,"Lam_Ip",-909.87647717088112,"Lam_Im",-444388.48674058693,null,"LamorHS",-445298.36321775784,0.99795670374668333,-1.1725472128113097,3564651.6684948681]
["T",383,4373070.8891836759,2347037870.6255646,0.99814023537444019,null,null,null,"K",536.70245237293364,"kex",2351410941.5147481,"R2HS",687.40301441309055,"R2LS",0.1,"coeff Rm",1.000000000061475,"coeff Rp",-6.1475018627120296E-11,"coeff Im",1.7518922326160617E-13,"coeff Ip",-1.7518922326160617E-13,"Lam_Rp",2351410942.7484169,"Lam_Rm",686.26934552192688,null,"Lam_Ip",-795.81389580300311,"Lam_Im",-427115.03391575825,null,"LamorHS",-427910.84781156125,0.99814023435051258,-1.1336688911636656,4373758.292198089]
["T",393,5310285.903411868,3116881353.4425173,0.99829918002582174,null,null,null,"K",586.95170281508115,"kex",3122191639.3459291,"R2HS",687.40301441309055,"R2LS",0.1,"coeff Rm",1.0000000000294811,"coeff Rp",-2.9481201092825691E-11,"coeff Im",9.0760439273588081E-14,"coeff Ip",-9.0760439273588081E-14,"Lam_Rp",3122191640.5228615,"Lam_Rm",686.32608151435852,null,"Lam_Ip",-699.73156806264888,"Lam_Im",-410708.46167222294,null,"LamorHS",-411408.19324028556,0.99829917930765677,-1.076932898732025,5310973.3064262811]
[]
[]
[]
[]
["H2","C0",16152,"C1",-3.4011]
[]
[null,null,"kHSLS","kLSHS",null,null,null,null,null,null,null,null,null,null,null,null,null,null,null,null,null,null,null,null,null,"Pi*linienbreite",null,"Pi*linienbreite H2",null,null,"Lamorfrequenz p",null,"Lamorfrequenz m"]
["T",173,{"$f":"$F$4*EXP(-$F$5/($F$3*B38))","v":414.70633133115922},{"$f":"$H$4*EXP(-$H$5/($F$3*B38))","v":3113.3711019847533},null,null,null,null,"K",{"$f":"D38/C38","v":7.5074115507018986},"kex",{"$f":"D38+C38","v":3528.0774333159125},"R2HS",797.17408605626861,"R2LS",0.1,"coeff Rm",0.88248522168661991,"coeff Rp",0.11751477831338,"coeff Im",-2.589499413244861E-3,"coeff Ip",2.589499413244861E-3,"Lam_Rp",3113.5018390074015,"Lam_Rm",1211.8496803647799,null,"Lam_Ip",-4.5681968886347022,"Lam_Im",-282622.72600460728]
["T",{"$f":"B38+10","v":183},{"$f":"$F$4*EXP(-$F$5/($F$3*B39))","v":1043.9611702090681},{"$f":"$H$4*EXP(-$H$5/($F$3*B39))","v":11994.210229440454},null,null,null,null,"K",11.489134434989035,"kex",13038.171399649522,"R2HS",607.35936108624105,"R2LS",0.1,"coeff Rm",0.92035715503656834,"coeff Rp",7.96428449634317E-2,"coeff Im",-7.1848382883163038E-3,"coeff Ip",7.1848382883163038E-3,"Lam_Rp",11996.130599503991,"Lam_Rm",1649.5001612317719,null,"Lam_Ip",-46.905067339743255,"Lam_Im",-266552.40197701845]
["T",{"$f":"B39+10","v":193},2388.2481907248202,40180.366920389315,null,null,null,null,"K",16.824200716004643,"kex",42568.615111114137,"R2HS",481.2561405798254,"R2LS",0.1,"coeff Rm",0.9477654771700077,"coeff Rp",5.2234522829992358E-2,"coeff Im",-1.7156503661077509E-2,"coeff Ip",1.7156503661077509E-2,"Lam_Rp",40235.776581034144,"Lam_Rm",2814.1946706598173,null,"Lam_Ip",-372.80305923068954,"Lam_Im",-251859.44813961029]
["T",203,5035.7734511608951,119488.97627155788,null,null,null,null,"K",23.728028560143454,"kex",124524.74972271879,"R2HS",382.48495877631308,"R2LS",0.1,"coeff Rm",0.98077714390522808,"coeff Rp",1.9222856094771888E-2,"coeff Im",-2.6730479523944015E-2,"coeff Ip",2.6730479523944015E-2,"Lam_Rp",120485.05952123972,"Lam_Rm",4422.2751602553835,null,"Lam_Ip",-2053.3674032125273,"Lam_Im",-237227.30143242821]
["T",213,9899.9185491061799,320773.99915554811,null,null,null,null,"K",32.401680636504771,"kex",330673.91770465428,"R2HS",317.55126323654065,"R2LS",0.1,"coeff Rm",1.0038010165199582,"coeff Rp",-3.8010165199582895E-3,"coeff Im",-9.0552616958328447E-3,"coeff Ip",9.0552616958328447E-3,"Lam_Rp",327476.91773389524,"Lam_Rm",3514.651233995537,null,"Lam_Ip",-4707.9377288114047,"Lam_Im",-222837.25976364786]
["T",223,18317.589420025852,788146.01051061298,null,null,null,null,"K",43.026731980844929,"kex",806463.5999306388,"R2HS",256.94209787606076,"R2LS",0.1,"coeff Rm",1.0013257503131008,"coeff Rp",-1.3257503131007425E-3,"coeff Im",-7.2854643753226492E-4,"coeff Ip",7.2854643753226492E-4,"Lam_Rp",805252.64676410542,"Lam_Rm",1467.9952644095174,null,"Lam_Ip",-4615.3676541664754,"Lam_Im",-212246.86713575543]
["T",233,32148.909540286924,1792680.230454708,null,null,null,null,"K",55.761774072250809,"kex",1824829.139994995,"R2HS",211.53969421270781,"R2LS",0.1,"coeff Rm",1.0002153242990688,"coeff Rp",-2.1532429906890078E-4,"coeff Im",-4.7299911682733995E-5,"coeff Ip",4.7299911682733995E-5,"Lam_Rp",1824430.7975178312,"Lam_Rm",609.98217137646861,null,"Lam_Ip",-3605.290098983678,"Lam_Im",-203490.97449505641]
["T",243,53871.286595292375,3810875.9163612719,null,null,null,null,"K",70.740391722782633,"kex",3864747.2029565643,"R2HS",174.07110996601898,"R2LS",0.1,"coeff Rm",1.0000358708156165,"coeff Rp",-3.5870815616636303E-5,"coeff Im",-3.5212764858775344E-6,"coeff Ip",3.5212764858775344E-6,"Lam_Rp",3864610.4341093507,"Lam_Rm",310.93995717982762,null,"Lam_Ip",-2755.1227152524225,"Lam_Im",-195378.95523812246]
["T",253,86661.426256544335,7632305.0795528563,null,null,null,null,"K",88.070383897893606,"kex",7718966.5058094002,"R2HS",142.18054438298105,"R2LS",0.1,"coeff Rm",1.0000067066721128,"coeff Rp",-6.7066721127915965E-6,"coeff Im",-3.1268805964208372E-7,"coeff Ip",3.1268805964208372E-7,"Lam_Rp",7718916.3759668767,"Lam_Rm",192.41038690740243,null,"Lam_Ip",-2130.632682790063,"Lam_Im",-187749.73188214615]
["T",263,134460.05709209602,14499363.012627449,null,null,null,null,"K",107.83397929614419,"kex",14633823.069719546,"R2HS",120.57162546129604,"R2LS",0.1,"coeff Rm",1.0000014115446105,"coeff Rp",-1.4115446107058899E-6,"coeff Im",-3.2651974655215248E-8,"coeff Ip",3.2651974655215248E-8,"Lam_Rp",14633803.614739358,"Lam_Rm",140.12660564668477,null,"Lam_Ip",-1674.3832442840067,"Lam_Im",-180579.92674502253]
["T",273,202015.69517294777,26279980.600499906,null,null,null,null,"K",130.08880610984872,"kex",26481996.295672853,"R2HS",104.80705270141715,"R2LS",0.1,"coeff Rm",1.0000003312576065,"coeff Rp",-3.3125760647642455E-7,"coeff Im",-3.9200503307917776E-9,"coeff Ip",3.9200503307917776E-9,"Lam_Rp",26481988.42142285,"Lam_Rm",112.78130270540714,null,"Lam_Ip",-1336.352270261079,"Lam_Im",-173850.5884603117]
["T",283,294905.45889921306,45671831.558059581,null,null,null,null,"K",154.86940027674561,"kex",45966737.016958795,"R2HS",91.14974061575839,"R2LS",0.1,"coeff Rm",1.0000000857744051,"coeff Rp",-8.577440518464418E-8,"coeff Im",-5.2858872234351871E-10,"coeff Ip",5.2858872234351871E-10,"Lam_Rp",45966733.758250877,"Lam_Rm",94.508448529988527,null,"Lam_Ip",-1081.7868684468849,"Lam_Im",-167537.24532839103]
["T",293,419532.53963422158,76434242.744911432,null,null,null,null,"K",182.189068842079,"kex",76853775.28454566,"R2HS",79.173075349245792,"R2LS",0.1,"coeff Rm",1.0000000242713225,"coeff Rp",-2.4271322527321496E-8,"coeff Im",-7.7897009135289405E-11,"coeff Ip",7.7897009135289405E-11,"Lam_Rp",76853773.950839698,"Lam_Rm",80.606781296432018,null,"Lam_Ip",-887.05654776452866,"Lam_Im",-161612.38851695863]
["T",303,583101.30391053238,123641942.78030454,null,null,null,null,"K",212.04195900627832,"kex",124225044.08421507,"R2HS",68.510816985103602,"R2LS",0.1,"coeff Rm",1.0000000074417459,"coeff Rp",-7.441745758500054E-9,"coeff Im",-1.211380421094514E-11,"coeff Ip",1.211380421094514E-11,"Lam_Rp",124225043.5808768,"Lam_Rm",69.114155255258083,null,"Lam_Ip",-735.92881630783086,"Lam_Im",-156047.86226033457]
["T",313,793572.07411385048,193953153.86817917,null,null,null,null,"K",244.40521560030794,"kex",194746725.94229302,"R2HS",60.048822377023768,"R2LS",0.1,"coeff Rm",1.0000000024538362,"coeff Rp",-2.4538364301421943E-9,"coeff Im",-1.8422339692475451E-12,"coeff Ip",1.8422339692475451E-12,"Lam_Rp",194746725.80870131,"Lam_Rm",60.282414078712463,null,"Lam_Ip",-617.07472935807891,"Lam_Im",-150816.27986642916]
["T",323,1059598.3848722733,295883459.14510345,null,null,null,null,"K",279.2411383118237,"kex",296943057.52997571,"R2HS",54.996153491205185,"R2LS",0.1,"coeff Rm",1.0000000008644419,"coeff Rp",-8.6444197905694058E-10,"coeff Im",-1.9815699050117395E-13,"coeff Ip",1.9815699050117395E-13,"Lam_Rp",296943057.56917471,"Lam_Rm",55.056954562664032,null,"Lam_Ip",-522.45803060795879,"Lam_Im",-145891.75646084765]
["T",333,1390449.9577259922,440076402.51530409,null,null,null,null,"K",316.49927426012937,"kex",441466852.47303009,"R2HS",48.892787758391123,"R2LS",0.1,"coeff Rm",1.0000000003234517,"coeff Rp",-3.2345178227713664E-10,"coeff Im",1.6432263369213601E-14,"coeff Ip",-1.6432263369213601E-14,"Lam_Rp",441466852.58391535,"Lam_Rm",48.881902545690536,null,"Lam_Ip",-446.28933825637796,"Lam_Im",-141250.2349049836]
["T",343,1795924.8162569162,639561874.64747965,null,null,null,null,"K",356.11840142643649,"kex",641357799.46373653,"R2HS",44.707427622738749,"R2LS",0.1,"coeff Rm",1.0000000001278848,"coeff Rp",-1.2788482294390162E-10,"coeff Im",2.8695411182100796E-14,"coeff Ip",-2.8695411182100796E-14,"Lam_Rp",641357799.60662603,"Lam_Rm",44.664538085460663,null,"Lam_Ip",-384.33732406949275,"Lam_Im",-136869.58065044269]
["T",353,2286253.9284851812,909993934.38873994,null,null,null,null,"K",398.02837429859807,"kex",912280188.3172251,"R2HS",40.805600421971718,"R2LS",0.1,"coeff Rm",1.0000000000531819,"coeff Rp",-5.3182051209923543E-11,"coeff Im",1.7101821119204852E-14,"coeff Ip",-1.7101821119204852E-14,"Lam_Rp",912280188.47072005,"Lam_Rm",40.752105534076691,null,"Lam_Ip",-333.46758037540712,"Lam_Im",-132729.54986301393]
["T",363,2872001.566506207,1269860706.3936214,null,null,null,null,"K",442.15181537606486,"kex",1272732707.9601276,"R2HS",39.309011304329765,"R2LS",0.1,"coeff Rm",1.0000000000231668,"coeff Rp",-2.3166715485944188E-11,"coeff Im",9.3928784482003961E-15,"coeff Ip",-9.3928784482003961E-15,"Lam_Rp",1272732708.1191201,"Lam_Rm",39.250018835067749,null,"Lam_Ip",-291.32911715681257,"Lam_Im",-128811.69140563985]
["T",373,3563964.265480455,1740660267.4457786,null,null,null,null,"K",488.40564545085908,"kex",1744224231.7112591,"R2HS",33.353185917581484,"R2LS",0.1,"coeff Rm",1.0000000000105322,"coeff Rp",-1.0532380737374666E-11,"coeff Im",4.0801371322537935E-15,"coeff Ip",-4.0801371322537935E-15,"Lam_Rp",1744224231.8608341,"Lam_Rm",33.303610682487488,null,"Lam_Ip",-256.13795257254242,"Lam_Im",-125099.21792419409]
["T",383,4373070.8891836759,2347037870.6255646,null,null,null,null,"K",536.70245237293364,"kex",2351410941.5147481,"R2HS",32.677347119798135,"R2LS",0.1,"coeff Rm",1.0000000000049809,"coeff Rp",-4.981047218979532E-12,"coeff Im",2.1502754682178543E-15,"coeff Ip",-2.1502754682178543E-15,"Lam_Rp",2351410941.6636219,"Lam_Rm",32.628473281860352,null,"Lam_Ip",-226.52564488157077,"Lam_Im",-121576.86608956414]
["T",393,5310285.903411868,3116881353.4425173,null,null,null,null,"K",586.95170281508115,"kex",3122191639.3459291,"R2HS",32.070958301002399,"R2LS",0.1,"coeff Rm",1.0000000000024432,"coeff Rp",-2.4431153551617463E-12,"coeff Im",1.1343186399194314E-15,"coeff Ip",-1.1343186399194314E-15,"Lam_Rp",3122191639.4926782,"Lam_Rm",32.024209022521973,null,"Lam_Ip",-201.43183668121492,"Lam_Im",-118230.75728940393]
[null,null,null,null,null,null,null,null,null,null,null,null,null,31.522443308752109]
[null,null,null,null,null,null,null,null,null,null,null,null,null,31.025074117807179]
[]
[]
[]
[]
[]
[]
["H3","C0",6889.1,"C1",-9.3800000000000008]
[]
[null,null,"kHSLS","kLSHS",null,null,null,null,null,null,null,null,null,null,null,null,null,null,null,null,null,null,null,null,null,"Pi*linienbreite",null,"Pi*linienbreite H3",null,null,"Lamorfrequenz p",null,"Lamorfrequenz m"]
["T",173,{"$f":"$F$4*EXP(-$F$5/($F$3*B72))","v":414.70633133115922},{"$f":"$H$4*EXP(-$H$5/($F$3*B72))","v":3113.3711019847533},null,null,null,null,"K",{"$f":"D72/C72","v":7.5074115507018986},"kex",{"$f":"D72+C72","v":3528.0774333159125},"R2HS",431.46743011463525,"R2LS",0.1,"coeff Rm",0.8827447758735314,"coeff Rp",0.11725522412646849,"coeff Im",-7.6460434592159187E-3,"coeff Ip",7.6460434592159187E-3,"Lam_Rp",3113.7911322924065,"Lam_Rm",845.85373113814148,null,"Lam_Ip",-13.495045675103029,"Lam_Im",-95620.943608423899]
["T",{"$f":"B72+10","v":183},{"$f":"$F$4*EXP(-$F$5/($F$3*B73))","v":1043.9611702090681},{"$f":"$H$4*EXP(-$H$5/($F$3*B73))","v":11994.210229440454},null,null,null,null,"K",11.489134434989035,"kex",13038.171399649522,"R2HS",319.90987520024339,"R2LS",0.1,"coeff Rm",0.92379019775090487,"coeff Rp",7.6209802249095016E-2,"coeff Im",-2.1074844681279875E-2,"coeff Ip",2.1074844681279875E-2,"Lam_Rp",12011.029810469036,"Lam_Rm",1347.1514643807295,null,"Lam_Ip",-139.22413502913696,"Lam_Im",-88659.008084929374]
["T",{"$f":"B73+10","v":193},2388.2481907248202,40180.366920389315,null,null,null,null,"K",16.824200716004643,"kex",42568.615111114137,"R2HS",242.88945781434848,"R2LS",0.1,"coeff Rm",0.97231059202395831,"coeff Rp",2.7689407976041681E-2,"coeff Im",-3.7371876169758449E-2,"coeff Ip",3.7371876169758449E-2,"Lam_Rp",40629.549814510166,"Lam_Rm",2182.0547544183137,null,"Lam_Ip",-965.62548032547056,"Lam_Im",-81704.815480014848]
["T",203,5035.7734511608951,119488.97627155788,null,null,null,null,"K",23.728028560143454,"kex",124524.74972271879,"R2HS",190.36611844661451,"R2LS",0.1,"coeff Rm",1.0055929155994763,"coeff Rp",-5.5929155994763587E-3,"coeff Im",-1.0007505407410201E-2,"coeff Ip",1.0007505407410201E-2,"Lam_Rp",123126.96302103053,"Lam_Rm",1588.2528201348614,null,"Lam_Ip",-2309.1389365654832,"Lam_Im",-74837.234040966345]
["T",213,9899.9185491061799,320773.99915554811,null,null,null,null,"K",32.401680636504771,"kex",330673.91770465428,"R2HS",148.50274486712362,"R2LS",0.1,"coeff Rm",1.0012261170809096,"coeff Rp",-1.2261170809096593E-3,"coeff Im",-5.2157995220866173E-4,"coeff Ip",5.2157995220866173E-4,"Lam_Rp",330238.79828807205,"Lam_Rm",583.72216144931735,null,"Lam_Ip",-2071.2340852842317,"Lam_Im",-70069.762738810779]
["T",223,18317.589420025852,788146.01051061298,null,null,null,null,"K",43.026731980844929,"kex",806463.5999306388,"R2HS",117.56363019453683,"R2LS",0.1,"coeff Rm",1.0001531285999568,"coeff Rp",-1.5312859995682702E-4,"coeff Im",-2.412638220917867E-5,"coeff Ip",2.412638220917867E-5,"Lam_Rp",806341.37378593558,"Lam_Rm",239.88977489771787,null,"Lam_Ip",-1525.5131043341753,"Lam_Im",-66059.020225825079]
["T",233,32148.909540286924,1792680.230454708,null,null,null,null,"K",55.761774072250809,"kex",1824829.139994995,"R2HS",96.680855635898098,"R2LS",0.1,"coeff Rm",1.0000208408844211,"coeff Rp",-2.0840884421131797E-5,"coeff Im",-1.3355241059919927E-6,"coeff Ip",1.3355241059919927E-6,"Lam_Rp",1824792.8322678262,"Lam_Rm",133.08858280465938,null,"Lam_Ip",-1116.1251420791232,"Lam_Im",-62303.057440404969]
["T",243,53871.286595292375,3810875.9163612719,null,null,null,null,"K",70.740391722782633,"kex",3864747.2029565643,"R2HS",76.669941250633684,"R2LS",0.1,"coeff Rm",1.0000032666496863,"coeff Rp",-3.2666496863739568E-6,"coeff Im",-8.956249353014157E-8,"coeff Ip",8.956249353014157E-8,"Lam_Rp",3864735.7406379534,"Lam_Rm",88.232259861659259,null,"Lam_Ip",-830.56983014730213,"Lam_Im",-58766.089226692493]
["T",253,86661.426256544335,7632305.0795528563,null,null,null,null,"K",88.070383897893606,"kex",7718966.5058094002,"R2HS",64.023901910796766,"R2LS",0.1,"coeff Rm",1.0000005858135188,"coeff Rp",-5.8581351889656286E-7,"coeff Im",-6.9851309044970664E-9,"coeff Ip",6.9851309044970664E-9,"Lam_Rp",7718962.8012719955,"Lam_Rm",67.828439315780997,null,"Lam_Ip",-629.55122326287164,"Lam_Im",-55446.760080710839]
["T",263,134460.05709209602,14499363.012627449,null,null,null,null,"K",107.83397929614419,"kex",14633823.069719546,"R2HS",53.677578533790779,"R2LS",0.1,"coeff Rm",1.000000118620809,"coeff Rp",-1.1862080900412548E-7,"coeff Im",-6.0001057088308906E-10,"coeff Ip",6.0001057088308906E-10,"Lam_Rp",14633821.926106384,"Lam_Rm",54.92119169421494,null,"Lam_Ip",-485.35746610599745,"Lam_Im",-52338.313138451515]
["T",273,202015.69517294777,26279980.600499906,null,null,null,null,"K",130.08880610984872,"kex",26481996.295672853,"R2HS",47.320053610230801,"R2LS",0.1,"coeff Rm",1.0000000267810882,"coeff Rp",-2.6781088325953851E-8,"coeff Im",-4.8429024007399505E-11,"coeff Ip",4.8429024007399505E-11,"Lam_Rp",26481996.046669312,"Lam_Rm",47.66905715316534,null,"Lam_Ip",-379.96625460397627,"Lam_Im",-49429.352346465268]
["T",283,294905.45889921306,45671831.558059581,null,null,null,null,"K",154.86940027674561,"kex",45966737.016958795,"R2HS",42.023475817440271,"R2LS",0.1,"coeff Rm",1.0000000066665429,"coeff Rp",-6.6665428378958397E-9,"coeff Im",-1.5692264212155995E-12,"coeff Ip",1.5692264212155995E-12,"Lam_Rp",45966737.079485178,"Lam_Rm",42.060949433594942,null,"Lam_Ip",-301.58601945462215,"Lam_Im",-46706.408988266863]
["T",293,419532.53963422158,76434242.744911432,null,null,null,null,"K",182.189068842079,"kex",76853775.28454566,"R2HS",36.380296802180368,"R2LS",0.1,"coeff Rm",1.000000001811832,"coeff Rp",-1.8118320446490813E-9,"coeff Im",8.9061085192366513E-13,"coeff Ip",-8.9061085192366513E-13,"Lam_Rp",76853775.443347991,"Lam_Rm",36.321494452655315,null,"Lam_Ip",-242.36115962794793,"Lam_Im",-44155.526882278064]
["T",303,583101.30391053238,123641942.78030454,null,null,null,null,"K",212.04195900627832,"kex",124225044.08421507,"R2HS",31.342295641954372,"R2LS",0.1,"coeff Rm",1.0000000005330227,"coeff Rp",-5.3302284737808268E-10,"coeff Im",4.3704498059560378E-13,"coeff Ip",-4.3704498059560378E-13,"Lam_Rp",124225044.26464887,"Lam_Rm",31.261861830949783,null,"Lam_Ip",-196.95688983773653,"Lam_Im",-41763.108474425419]
["T",313,793572.07411385048,193953153.86817917,null,null,null,null,"K",244.40521560030794,"kex",194746725.94229302,"R2HS",26.517506318668929,"R2LS",0.1,"coeff Rm",1.0000000001684621,"coeff Rp",-1.684622494280819E-10,"coeff Im",1.562372276768059E-13,"coeff Ip",-1.562372276768059E-13,"Lam_Rp",194746726.11713406,"Lam_Rm",26.442665278911591,null,"Lam_Ip",-161.68369975556561,"Lam_Im",-39516.330403966524]
["T",323,1059598.3848722733,295883459.14510345,null,null,null,null,"K",279.2411383118237,"kex",296943057.52997571,"R2HS",22.99569746368126,"R2LS",0.1,"coeff Rm",1.000000000056819,"coeff Rp",-5.6819054621942317E-11,"coeff Im",5.5050429359596546E-14,"coeff Ip",-5.5050429359596546E-14,"Lam_Rp",296943057.69480371,"Lam_Rm",22.930869519710541,null,"Lam_Ip",-133.94632824941436,"Lam_Im",-37403.319998556442]
["T",333,1390449.9577259922,440076402.51530409,null,null,null,null,"K",316.49927426012937,"kex",441466852.47303009,"R2HS",21.368901331130569,"R2LS",0.1,"coeff Rm",1.0000000000203313,"coeff Rp",-2.0331206223252849E-11,"coeff Im",2.1093016957404081E-14,"coeff Ip",-2.1093016957404081E-14,"Lam_Rp",441466852.63104337,"Lam_Rm",21.310888051986694,null,"Lam_Ip",-111.8903192995167,"Lam_Im",-35413.20167064514]
["T",343,1795924.8162569162,639561874.64747965,null,null,null,null,"K",356.11840142643649,"kex",641357799.46373653,"R2HS",20.030421897021636,"R2LS",0.1,"coeff Rm",1.0000000000076779,"coeff Rp",-7.6777249522082101E-12,"coeff Im",8.2994229757968983E-15,"coeff Ip",-8.2994229757968983E-15,"Lam_Rp",641357799.6146214,"Lam_Rm",19.979537069797516,null,"Lam_Ip",-94.171141730654199,"Lam_Im",-33536.074461024007]
["T",353,2286253.9284851812,909993934.38873994,null,null,null,null,"K",398.02837429859807,"kex",912280188.3172251,"R2HS",18.950648646121195,"R2LS",0.1,"coeff Rm",1.0000000000030456,"coeff Rp",-3.0455954100919803E-12,"coeff Im",3.394382222319663E-15,"coeff Ip",-3.394382222319663E-15,"Lam_Rp",912280188.46168804,"Lam_Rm",18.906185686588287,null,"Lam_Ip",-79.800734174608806,"Lam_Im",-31762.955217208182]
["T",363,2872001.566506207,1269860706.3936214,null,null,null,null,"K",442.15181537606486,"kex",1272732707.9601276,"R2HS",18.102772793566498,"R2LS",0.1,"coeff Rm",1.0000000000012639,"coeff Rp",-1.2637339813943309E-12,"coeff Im",1.449435237321991E-15,"coeff Ip",-1.449435237321991E-15,"Lam_Rp",1272732708.0991435,"Lam_Rm",18.063756942749023,null,"Lam_Ip",-68.043840432081197,"Lam_Im",-30085.706737891342]
["T",373,3563964.265480455,1740660267.4457786,null,null,null,null,"K",488.40564545085908,"kex",1744224231.7112591,"R2HS",17.459432037827806,"R2LS",0.1,"coeff Rm",1.0000000000005465,"coeff Rp",-5.4652747756071232E-13,"coeff Im",6.4667232277754325E-16,"coeff Ip",-6.4667232277754325E-16,"Lam_Rp",1744224231.8457761,"Lam_Rm",17.424914836883545,null,"Lam_Ip",-58.346913896684782,"Lam_Im",-28496.961582148033]
["T",383,4373070.8891836759,2347037870.6255646,null,null,null,null,"K",536.70245237293364,"kex",2351410941.5147481,"R2HS",17.069048417404417,"R2LS",0.1,"coeff Rm",1.0000000000002456,"coeff Rp",-2.4555019812764681E-13,"coeff Im",3.0247510512718748E-16,"coeff Ip",-3.0247510512718748E-16,"Lam_Rp",2351410941.6457291,"Lam_Rm",17.038067102432251,null,"Lam_Ip",-50.288661025926558,"Lam_Im",-26990.047313172399]
["T",393,5310285.903411868,3116881353.4425173,null,null,null,null,"K",586.95170281508115,"kex",3122191639.3459291,"R2HS",16.71825445873106,"R2LS",0.1,"coeff Rm",1.0000000000001141,"coeff Rp",-1.1423687169492629E-13,"coeff Im",1.4634846941745539E-16,"coeff Ip",-1.4634846941745539E-16,"Lam_Rp",3122191639.4738369,"Lam_Rm",16.690346479415894,null,"Lam_Ip",-43.545178011045209,"Lam_Im",-25558.916112602787]
[]
[]
[]
[]
[]
[]
["H4/5","C0",5746,"C1",-1.3454999999999999]
[]
[null,null,"kHSLS","kLSHS",null,null,null,null,null,null,null,null,null,null,null,null,null,null,null,null,null,null,null,null,null,"Pi*linienbreite",null,"Pi*linienbreite H4/5",null,null,"Lamorfrequenz p",null,"Lamorfrequenz m"]
["T",173,{"$f":"$F$4*EXP(-$F$5/($F$3*B104))","v":414.70633133115922},{"$f":"$H$4*EXP(-$H$5/($F$3*B104))","v":3113.3711019847533},null,null,null,null,"K",{"$f":"D104/C104","v":7.5074115507018986},"kex",{"$f":"D104+C104","v":3528.0774333159125},"R2HS",264.83520618846137,"R2LS",0.1,"coeff Rm",0.88273158448517008,"coeff Rp",0.11726841551482986,"coeff Im",-7.3033817572540315E-3,"coeff Ip",7.3033817572540315E-3,"Lam_Rp",3113.7845540054168,"Lam_Rm",679.22808549895649,null,"Lam_Ip",-12.890239409585774,"Lam_Im",-100104.55573262429]
["T",{"$f":"B104+10","v":183},{"$f":"$F$4*EXP(-$F$5/($F$3*B105))","v":1043.9611702090681},{"$f":"$H$4*EXP(-$H$5/($F$3*B105))","v":11994.210229440454},null,null,null,null,"K",11.489134434989035,"kex",13038.171399649522,"R2HS",201.77542702060836,"R2LS",0.1,"coeff Rm",0.92337475256793744,"coeff Rp",7.6625247432062546E-2,"coeff Im",-1.987235156630671E-2,"coeff Ip",1.987235156630671E-2,"Lam_Rp",12009.276287299079,"Lam_Rm",1230.7705393710503,null,"Lam_Ip",-131.09690816548391,"Lam_Im",-94284.466064554785]
["T",{"$f":"B105+10","v":193},2388.2481907248202,40180.366920389315,null,null,null,null,"K",16.824200716004643,"kex",42568.615111114137,"R2HS",159.8817265253212,"R2LS",0.1,"coeff Rm",0.96919561631519491,"coeff Rp",3.0804383684805179E-2,"coeff Im",-3.6429886741038753E-2,"coeff Ip",3.6429886741038753E-2,"Lam_Rp",40574.594972491046,"Lam_Rm",2154.0018651484097,null,"Lam_Ip",-916.10839311982272,"Lam_Im",-88388.440284878918]
["T",203,5035.7734511608951,119488.97627155788,null,null,null,null,"K",23.728028560143454,"kex",124524.74972271879,"R2HS",127.0682084293945,"R2LS",0.1,"coeff Rm",1.0053576931453057,"coeff Rp",-5.3576931453058292E-3,"coeff Im",-1.1997487211624996E-2,"coeff Ip",1.1997487211624996E-2,"Lam_Rp",122922.0902874826,"Lam_Rm",1729.8276436655942,null,"Lam_Ip",-2399.2148120278362,"Lam_Im",-82297.867777625885]
["T",213,9899.9185491061799,320773.99915554811,null,null,null,null,"K",32.401680636504771,"kex",330673.91770465428,"R2HS",105.49609645579912,"R2LS",0.1,"coeff Rm",1.0014810299760246,"coeff Rp",-1.4810299760245496E-3,"coeff Im",-7.149655294782538E-4,"coeff Ip",7.149655294782538E-4,"Lam_Rp",330134.88868576358,"Lam_Rm",644.62511534651276,null,"Lam_Ip",-2287.6298548992927,"Lam_Im",-78234.612570197685]
["T",223,18317.589420025852,788146.01051061298,null,null,null,null,"K",43.026731980844929,"kex",806463.5999306388,"R2HS",85.360669218616891,"R2LS",0.1,"coeff Rm",1.0001962242262867,"coeff Rp",-1.9622422628668909E-4,"coeff Im",-3.5510081640914966E-5,"coeff Ip",3.5510081640914966E-5,"Lam_Rp",806304.86621582706,"Lam_Rm",244.19438403041568,null,"Lam_Ip",-1728.372279495401,"Lam_Im",-74993.455107910908]
["T",233,32148.909540286924,1792680.230454708,null,null,null,null,"K",55.761774072250809,"kex",1824829.139994995,"R2HS",70.277194798216442,"R2LS",0.1,"coeff Rm",1.0000277681033114,"coeff Rp",-2.7768103311488324E-5,"coeff Im",-2.1006126448896323E-6,"coeff Ip",2.1006126448896323E-6,"Lam_Rp",1824779.6605477694,"Lam_Rm",119.85664202389307,null,"Lam_Ip",-1288.5688565863093,"Lam_Im",-71959.05937619289]
["T",243,53871.286595292375,3810875.9163612719,null,null,null,null,"K",70.740391722782633,"kex",3864747.2029565643,"R2HS",57.829474271258462,"R2LS",0.1,"coeff Rm",1.0000045130389899,"coeff Rp",-4.513038989830308E-6,"coeff Im",-1.5166882627095759E-7,"coeff Ip",1.5166882627095759E-7,"Lam_Rp",3864730.6559826024,"Lam_Rm",74.476448233006522,null,"Lam_Ip",-976.28922815356782,"Lam_Im",-69083.082167251792]
["T",253,86661.426256544335,7632305.0795528563,null,null,null,null,"K",88.070383897893606,"kex",7718966.5058094002,"R2HS",47.234869329403459,"R2LS",0.1,"coeff Rm",1.0000008392896793,"coeff Rp",-8.3928967925759468E-7,"coeff Im",-1.3091068609381432E-8,"coeff Ip",1.3091068609381432E-8,"Lam_Rp",7718960.6557378173,"Lam_Rm",53.184940912760794,null,"Lam_Ip",-753.55075915775524,"Lam_Im",-66369.599912500154]
["T",263,134460.05709209602,14499363.012627449,null,null,null,null,"K",107.83397929614419,"kex",14633823.069719546,"R2HS",40.05600765008608,"R2LS",0.1,"coeff Rm",1.0000001763612876,"coeff Rp",-1.7636128750213085E-7,"coeff Im",-1.3051778857200564E-9,"coeff Ip",1.3051778857200564E-9,"Lam_Rp",14633820.955933033,"Lam_Rm",42.269794162362814,null,"Lam_Ip",-591.8128877986419,"Lam_Im",-63818.403807164868]
["T",273,202015.69517294777,26279980.600499906,null,null,null,null,"K",130.08880610984872,"kex",26481996.295672853,"R2HS",34.818740219593074,"R2LS",0.1,"coeff Rm",1.0000000413551189,"coeff Rp",-4.1355118848391343E-8,"coeff Im",-1.4397483433983377E-10,"coeff Ip",1.4397483433983377E-10,"Lam_Rp",26481995.565348487,"Lam_Rm",35.649064585566521,null,"Lam_Ip",-472.16741780551092,"Lam_Im",-61423.865042345962]
["T",283,294905.45889921306,45671831.558059581,null,null,null,null,"K",154.86940027674561,"kex",45966737.016958795,"R2HS",30.281541726251305,"R2LS",0.1,"coeff Rm",1.0000000107018414,"coeff Rp",-1.0701841275723589E-8,"coeff Im",-1.6530893151833356E-11,"coeff Ip",1.6530893151833356E-11,"Lam_Rp",45966736.818662956,"Lam_Rm",30.579837568104267,null,"Lam_Ip",-382.11161792813436,"Lam_Im",-59177.417472062327]
["T",293,419532.53963422158,76434242.744911432,null,null,null,null,"K",182.189068842079,"kex",76853775.28454566,"R2HS",26.302683568682994,"R2LS",0.1,"coeff Rm",1.0000000030265788,"coeff Rp",-3.0265788215900585E-9,"coeff Im",-1.7061553838237176E-12,"coeff Ip",1.7061553838237176E-12,"Lam_Rp",76853775.294977903,"Lam_Rm",26.392251320183277,null,"Lam_Ip",-313.24206086216509,"Lam_Im",-57069.271943619911]
["T",303,583101.30391053238,123641942.78030454,null,null,null,null,"K",212.04195900627832,"kex",124225044.08421507,"R2HS",22.760494426193823,"R2LS",0.1,"coeff Rm",1.0000000009274617,"coeff Rp",-9.274616667202233E-10,"coeff Im",-5.9289821425394461E-14,"coeff Ip",5.9289821425394461E-14,"Lam_Rp",124225044.17536746,"Lam_Rm",22.769342035055161,null,"Lam_Ip",-259.80424610764749,"Lam_Im",-55089.392038246144]
["T",313,793572.07411385048,193953153.86817917,null,null,null,null,"K",244.40521560030794,"kex",194746725.94229302,"R2HS",19.94927147502743,"R2LS",0.1,"coeff Rm",1.0000000003056537,"coeff Rp",-3.0565385566663642E-10,"coeff Im",6.0635459449957928E-14,"coeff Ip",-6.0635459449957928E-14,"Lam_Rp",194746726.06365159,"Lam_Rm",19.927912890911102,null,"Lam_Ip",-217.78595765609862,"Lam_Im",-53228.017061529681]
["T",323,1059598.3848722733,295883459.14510345,null,null,null,null,"K",279.2411383118237,"kex",296943057.52997571,"R2HS",18.270686295725284,"R2LS",0.1,"coeff Rm",1.0000000001076175,"coeff Rp",-1.0761743493194034E-10,"coeff Im",3.8527521122509719E-14,"coeff Ip",-3.8527521122509719E-14,"Lam_Rp",296943057.66285896,"Lam_Rm",18.237803101539612,null,"Lam_Ip",-184.34221323225211,"Lam_Im",-51475.924708907369]
["T",333,1390449.9577259922,440076402.51530409,null,null,null,null,"K",316.49927426012937,"kex",441466852.47303009,"R2HS",16.243041204688907,"R2LS",0.1,"coeff Rm",1.0000000000402454,"coeff Rp",-4.0245485358330287E-11,"coeff Im",1.6941157688259672E-14,"coeff Ip",-1.6941157688259672E-14,"Lam_Rp",441466852.60610735,"Lam_Rm",16.209963947534561,null,"Lam_Ip",-157.42389760103106,"Lam_Im",-49824.546332720434]
["T",343,1795924.8162569162,639561874.64747965,null,null,null,null,"K",356.11840142643649,"kex",641357799.46373653,"R2HS",14.852591196483015,"R2LS",0.1,"coeff Rm",1.0000000000159033,"coeff Rp",-1.5903299591513951E-11,"coeff Im",7.3076173662095682E-15,"coeff Ip",-7.3076173662095682E-15,"Lam_Rp",641357799.59484696,"Lam_Rm",14.821480870246887,null,"Lam_Ip",-135.53357978103668,"Lam_Im",-48265.9998241344]
["T",353,2286253.9284851812,909993934.38873994,null,null,null,null,"K",398.02837429859807,"kex",912280188.3172251,"R2HS",18.950648646121195,"R2LS",0.1,"coeff Rm",1.0000000000066096,"coeff Rp",-6.60978998797066E-12,"coeff Im",4.6358786295601928E-15,"coeff Ip",-4.6358786295601928E-15,"Lam_Rp",912280188.45843649,"Lam_Rm",18.909437239170074,null,"Lam_Ip",-117.56216994248098,"Lam_Im",-46793.077570536123]
["T",363,2872001.566506207,1269860706.3936214,null,null,null,null,"K",442.15181537606486,"kex",1272732707.9601276,"R2HS",18.102772793566498,"R2LS",0.1,"coeff Rm",1.0000000000028779,"coeff Rp",-2.8778390055702799E-12,"coeff Im",2.0723077003510703E-15,"coeff Ip",-2.0723077003510703E-15,"Lam_Rp",1272732708.0970893,"Lam_Rm",18.065811157226562,null,"Lam_Ip",-102.67788289792225,"Lam_Im",-45399.211095710605]
["T",373,3563964.265480455,1740660267.4457786,null,null,null,null,"K",488.40564545085908,"kex",1744224231.7112591,"R2HS",17.459432037827806,"R2LS",0.1,"coeff Rm",1.0000000000013076,"coeff Rp",-1.3076647615979745E-12,"coeff Im",9.6186946173529607E-16,"coeff Ip",-9.6186946173529607E-16,"Lam_Rp",1744224231.8444486,"Lam_Rm",17.426242232322693,null,"Lam_Ip",-90.249623620838975,"Lam_Im",-44078.424826998045]
["T",383,4373070.8891836759,2347037870.6255646,null,null,null,null,"K",536.70245237293364,"kex",2351410941.5147481,"R2HS",17.069048417404417,"R2LS",0.1,"coeff Rm",1.000000000000618,"coeff Rp",-6.1804969226497149E-13,"coeff Im",4.6639464835251214E-16,"coeff Ip",-4.6639464835251214E-16,"Lam_Rp",2351410941.6448536,"Lam_Rm",17.03894305229187,null,"Lam_Ip",-79.793350197265681,"Lam_Im",-42825.286130029352]
["T",393,5310285.903411868,3116881353.4425173,null,null,null,null,"K",586.95170281508115,"kex",3122191639.3459291,"R2HS",16.71825445873106,"R2LS",0.1,"coeff Rm",1.0000000000003029,"coeff Rp",-3.0290477924338705E-13,"coeff Im",2.3337519345345233E-16,"coeff Ip",-2.3337519345345233E-16,"Lam_Rp",3122191639.473248,"Lam_Rm",16.690935611724854,null,"Lam_Ip",-70.934040727341198,"Lam_Im",-41634.855556658775]
[]
[]
[]
[]
[]
[]
[]
[]
[]
[]
[]
["H9","C0",737.71,"C1",5.83]
[null,null,5.83]
[null,null,"kHSLS","kLSHS",null,null,null,null,null,null,null,null,null,null,null,null,null,null,null,null,null,null,null,null,null,"Pi*linienbreite",null,"Pi*linienbreite H9",null,null,"Lamorfrequenz p",null,"Lamorfrequenz m"]
["T",173,{"$f":"$F$4*EXP(-$F$5/($F$3*B141))","v":414.70633133115922},{"$f":"$H$4*EXP(-$H$5/($F$3*B141))","v":3113.3711019847533},null,null,null,null,"K",{"$f":"D141/C141","v":7.5074115507018986},"kex",{"$f":"D141+C141","v":3528.0774333159125},"R2HS",332.9816593359003,"R2LS",0.1,"coeff Rm",0.88515025076771603,"coeff Rp",0.11484974923228392,"coeff Im",-2.2864032860977542E-2,"coeff Ip",2.2864032860977542E-2,"Lam_Rp",3116.5032184899264,"Lam_Rm",744.65587416188669,null,"Lam_Ip",-40.539816102784243,"Lam_Im",-31671.38649004664]
["T",{"$f":"B141+10","v":183},{"$f":"$F$4*EXP(-$F$5/($F$3*B142))","v":1043.9611702090681},{"$f":"$H$4*EXP(-$H$5/($F$3*B142))","v":11994.210229440454},null,null,null,null,"K",11.489134434989035,"kex",13038.171399649522,"R2HS",253.69556211767485,"R2LS",0.1,"coeff Rm",0.94803419049703563,"coeff Rp",5.196580950296438E-2,"coeff Im",-4.9745762406747052E-2,"coeff Ip",4.9745762406747052E-2,"Lam_Rp",12122.846656872531,"Lam_Rm",1169.1203048946672,null,"Lam_Ip",-363.53319532872229,"Lam_Im",-30616.347147120105]
["T",{"$f":"B142+10","v":193},2388.2481907248202,40180.366920389315,null,null,null,null,"K",16.824200716004643,"kex",42568.615111114137,"R2HS",201.02192364109328,"R2LS",0.1,"coeff Rm",1.0076792741253444,"coeff Rp",-7.6792741253444092E-3,"coeff Im",-1.8227783203475217E-2,"coeff Ip",1.8227783203475217E-2,"Lam_Rp",41757.143099569235,"Lam_Rm",1012.5939351859924,null,"Lam_Ip",-1173.424349419698,"Lam_Im",-29150.269714686103]
["T",203,5035.7734511608951,119488.97627155788,null,null,null,null,"K",23.728028560143454,"kex",124524.74972271879,"R2HS",159.76494779757604,"R2LS",0.1,"coeff Rm",1.0019389063066551,"coeff Rp",-1.9389063066552162E-3,"coeff Im",-8.7618290700444202E-4,"coeff Ip",8.7618290700444202E-4,"Lam_Rp",124267.13294025837,"Lam_Rm",417.48173025799042,null,"Lam_Ip",-1147.0515105424402,"Lam_Im",-28585.105169638373]
["T",213,9899.9185491061799,320773.99915554811,null,null,null,null,"K",32.401680636504771,"kex",330673.91770465428,"R2HS",132.64197671028035,"R2LS",0.1,"coeff Rm",1.0002224174690133,"coeff Rp",-2.2241746901332935E-4,"coeff Im",-3.5145665268892834E-5,"coeff Ip",3.5145665268892834E-5,"Lam_Rp",330603.53394072084,"Lam_Rm",203.125740643678,null,"Lam_Ip",-868.58784141355864,"Lam_Im",-28327.574871173245]
["T",223,18317.589420025852,788146.01051061298,null,null,null,null,"K",43.026731980844929,"kex",806463.5999306388,"R2HS",107.32537296499497,"R2LS",0.1,"coeff Rm",1.0000280547150582,"coeff Rp",-2.8054715058059645E-5,"coeff Im",-1.6987869114289724E-6,"coeff Ip",1.6987869114289724E-6,"Lam_Rp",806443.46787237842,"Lam_Rm",127.55743122537388,null,"Lam_Ip",-651.46293015251467,"Lam_Im",-28056.777022696246]
["T",233,32148.909540286924,1792680.230454708,null,null,null,null,"K",55.761774072250809,"kex",1824829.139994995,"R2HS",88.360672563789876,"R2LS",0.1,"coeff Rm",1.0000041497699639,"coeff Rp",-4.1497699639135725E-6,"coeff Im",-9.8108054538522218E-8,"coeff Ip",9.8108054538522218E-8,"Lam_Rp",1824823.2200465365,"Lam_Rm",94.380621022195555,null,"Lam_Ip",-497.84314340300989,"Lam_Im",-27764.355831659475]
["T",243,53871.286595292375,3810875.9163612719,null,null,null,null,"K",70.740391722782633,"kex",3864747.2029565643,"R2HS",72.709948871614074,"R2LS",0.1,"coeff Rm",1.0000007138702576,"coeff Rp",-7.1387025757701161E-7,"coeff Im",-6.2809458025106199E-9,"coeff Ip",6.2809458025106199E-9,"Lam_Rp",3864745.5560336327,"Lam_Rm",74.456871803617105,null,"Lam_Ip",-388.24034523506452,"Lam_Im",-27464.628843628489]
["T",253,86661.426256544335,7632305.0795528563,null,null,null,null,"K",88.070383897893606,"kex",7718966.5058094002,"R2HS",59.38917787473703,"R2LS",0.1,"coeff Rm",1.0000001406535359,"coeff Rp",-1.4065353601017138E-7,"coeff Im",-3.7182101328596735E-10,"coeff Ip",3.7182101328596735E-10,"Lam_Rp",7718966.185752064,"Lam_Rm",59.80923521053046,null,"Lam_Ip",-308.474906474612,"Lam_Im",-27167.422582055537]
["T",263,134460.05709209602,14499363.012627449,null,null,null,null,"K",107.83397929614419,"kex",14633823.069719546,"R2HS",50.36307704575232,"R2LS",0.1,"coeff Rm",1.0000000312850281,"coeff Rp",-3.1285028306522934E-8,"coeff Im",2.0735306896721572E-12,"coeff Ip",-2.0735306896721572E-12,"Lam_Rp",14633823.173734179,"Lam_Rm",50.359062410891056,null,"Lam_Ip",-249.25751115748608,"Lam_Im",-26878.335326494278]
["T",273,202015.69517294777,26279980.600499906,null,null,null,null,"K",130.08880610984872,"kex",26481996.295672853,"R2HS",43.778174590787813,"R2LS",0.1,"coeff Rm",1.0000000077559388,"coeff Rp",-7.7559387878060678E-9,"coeff Im",9.8150033968779126E-12,"coeff Ip",-9.8150033968779126E-12,"Lam_Rp",26481996.523476012,"Lam_Rm",43.650371430441737,null,"Lam_Ip",-204.47867912012953,"Lam_Im",-26600.326331893415]
["T",283,294905.45889921306,45671831.558059581,null,null,null,null,"K",154.86940027674561,"kex",45966737.016958795,"R2HS",38.073480321498806,"R2LS",0.1,"coeff Rm",1.0000000021193727,"coeff Rp",-2.1193727029118994E-9,"coeff Im",3.6601131762522045E-12,"coeff Ip",-3.6601131762522045E-12,"Lam_Rp",45966737.263162024,"Lam_Rm",37.927277095615864,null,"Lam_Ip",-170.04533195894146,"Lam_Im",-26334.783712956189]
["T",293,419532.53963422158,76434242.744911432,null,null,null,null,"K",182.189068842079,"kex",76853775.28454566,"R2HS",33.070796536977852,"R2LS",0.1,"coeff Rm",1.0000000006321716,"coeff Rp",-6.321716064539514E-10,"coeff Im",1.1628176442712722E-12,"coeff Ip",-1.1628176442712722E-12,"Lam_Rp",76853775.515943259,"Lam_Rm",32.939398929476738,null,"Lam_Ip",-143.16000837112733,"Lam_Im",-26082.169245605895]
["T",303,583101.30391053238,123641942.78030454,null,null,null,null,"K",212.04195900627832,"kex",124225044.08421507,"R2HS",28.617143885115873,"R2LS",0.1,"coeff Rm",1.0000000002040919,"coeff Rp",-2.0409191559362598E-10,"coeff Im",3.6380390881112905E-13,"coeff Ip",-3.6380390881112905E-13,"Lam_Rp",124225044.29271868,"Lam_Rm",28.508640266954899,null,"Lam_Ip",-121.87406256348004,"Lam_Im",-25842.404231560453]
["T",313,793572.07411385048,193953153.86817917,null,null,null,null,"K",244.40521560030794,"kex",194746725.94229302,"R2HS",25.0825470446323,"R2LS",0.1,"coeff Rm",1.0000000000707849,"coeff Rp",-7.0784905659603198E-11,"coeff Im",1.1896686975588904E-13,"coeff Ip",-1.1896686975588904E-13,"Lam_Rp",194746726.1303091,"Lam_Rm",24.994530960917473,null,"Lam_Ip",-104.80589816584143,"Lam_Im",-25615.102008619579]
["T",323,1059598.3848722733,295883459.14510345,null,null,null,null,"K",279.2411383118237,"kex",296943057.52997571,"R2HS",22.972034298290982,"R2LS",0.1,"coeff Rm",1.0000000000262019,"coeff Rp",-2.6201878984794485E-11,"coeff Im",4.2553873901428891E-14,"coeff Ip",-4.2553873901428891E-14,"Lam_Rp",296943057.70381081,"Lam_Rm",22.89819923043251,null,"Lam_Ip",-90.959780899132966,"Lam_Im",-25399.70903188143]
["T",333,1390449.9577259922,440076402.51530409,null,null,null,null,"K",316.49927426012937,"kex",441466852.47303009,"R2HS",20.422642785452908,"R2LS",0.1,"coeff Rm",1.0000000000102915,"coeff Rp",-1.0291506937950954E-11,"coeff Im",1.5378902838194059E-14,"coeff Ip",-1.5378902838194059E-14,"Lam_Rp",441466852.63249522,"Lam_Rm",20.36317765712738,null,"Lam_Ip",-79.607111320447075,"Lam_Im",-25195.590721209301]
["T",343,1795924.8162569162,639561874.64747965,null,null,null,null,"K",356.11840142643649,"kex",641357799.46373653,"R2HS",18.674407127439451,"R2LS",0.1,"coeff Rm",1.0000000000042673,"coeff Rp",-4.267332643940474E-12,"coeff Im",5.9910046151001708E-15,"coeff Ip",-5.9910046151001708E-15,"Lam_Rp",641357799.6130116,"Lam_Rm",18.625132083892822,null,"Lam_Ip",-70.207225580830709,"Lam_Im",-25002.083532252087]
["T",353,2286253.9284851812,909993934.38873994,null,null,null,null,"K",398.02837429859807,"kex",912280188.3172251,"R2HS",18.950648646121195,"R2LS",0.1,"coeff Rm",1.0000000000018594,"coeff Rp",-1.8593962569089285E-12,"coeff Im",2.7166349346785495E-15,"coeff Ip",-2.7166349346785495E-15,"Lam_Rp",912280188.46277022,"Lam_Rm",18.90510356426239,null,"Lam_Ip",-62.353663159179632,"Lam_Im",-24818.526171517806]
["T",363,2872001.566506207,1269860706.3936214,null,null,null,null,"K",442.15181537606486,"kex",1272732707.9601276,"R2HS",18.102772793566498,"R2LS",0.1,"coeff Rm",1.0000000000008478,"coeff Rp",-8.4787953677980675E-13,"coeff Im",1.2033520975538841E-15,"coeff Ip",-1.2033520975538841E-15,"Lam_Rp",1272732708.0996728,"Lam_Rm",18.063227772712708,null,"Lam_Ip",-55.737141987961877,"Lam_Im",-24644.277825905316]
["T",373,3563964.265480455,1740660267.4457786,null,null,null,null,"K",488.40564545085908,"kex",1744224231.7112591,"R2HS",17.459432037827806,"R2LS",0.1,"coeff Rm",1.0000000000004032,"coeff Rp",-4.0330118255512196E-13,"coeff Im",5.5949846049718905E-16,"coeff Ip",-5.5949846049718905E-16,"Lam_Rp",1744224231.8460259,"Lam_Rm",17.424664855003357,null,"Lam_Ip",-50.119667927054252,"Lam_Im",-24478.728281267438]
["T",383,4373070.8891836759,2347037870.6255646,null,null,null,null,"K",536.70245237293364,"kex",2351410941.5147481,"R2HS",17.069048417404417,"R2LS",0.1,"coeff Rm",1.0000000000001994,"coeff Rp",-1.993815170668088E-13,"coeff Im",2.7351914836801157E-16,"coeff Ip",-2.7351914836801157E-16,"Lam_Rp",2351410941.6458378,"Lam_Rm",17.03795862197876,null,"Lam_Ip",-45.31617699884373,"Lam_Im",-24321.302979016378]
["T",393,5310285.903411868,3116881353.4425173,null,null,null,null,"K",586.95170281508115,"kex",3122191639.3459291,"R2HS",16.71825445873106,"R2LS",0.1,"coeff Rm",1.0000000000001021,"coeff Rp",-1.0209404146181944E-13,"coeff Im",1.3859398622169293E-16,"coeff Ip",-1.3859398622169293E-16,"Lam_Rp",3122191639.473875,"Lam_Rm",16.690308809280396,null,"Lam_Ip",-41.18135285772405,"Lam_Im",-24171.46492820618]
[]
[]
[]
[]
[]
[]
[]
[]
["H7","C0",30240,"C1",-17.693999999999999]
[]
[null,null,"kHSLS","kLSHS",null,null,null,null,null,null,null,null,null,null,null,null,null,null,null,null,null,null,null,null,null,"Pi*linienbreite",null,"Pi*linienbreite H7",null,null,"Lamorfrequenz p",null,"Lamorfrequenz m"]
["T",173,{"$f":"$F$4*EXP(-$F$5/($F$3*B175))","v":414.70633133115922},{"$f":"$H$4*EXP(-$H$5/($F$3*B175))","v":3113.3711019847533},null,null,null,null,"K",{"$f":"D175/C175","v":7.5074115507018986},"kex",{"$f":"D175+C175","v":3528.0774333159125},"R2HS",955.11065567065657,"R2LS",0.1,"coeff Rm",0.88246472711753554,"coeff Rp",0.11753527288246443,"coeff Im",-1.482920894275783E-3,"coeff Ip",1.482920894275783E-3,"Lam_Rp",3113.4803438768495,"Lam_Rm",1369.8077451097199,null,"Lam_Ip",-2.6159665395389311,"Lam_Im",-493553.17567029502,"LamorHS",-493555.79163683456,{"$f":"AG175/AI175","v":0.99999469975515665}]
["T",{"$f":"B175+10","v":183},{"$f":"$F$4*EXP(-$F$5/($F$3*B176))","v":1043.9611702090681},{"$f":"$H$4*EXP(-$H$5/($F$3*B176))","v":11994.210229440454},null,null,null,null,"K",11.489134434989035,"kex",13038.171399649522,"R2HS",727.68973269640969,"R2LS",0.1,"coeff Rm",0.92007064412424611,"coeff Rp",7.9929355875753783E-2,"coeff Im",-4.1398796406143384E-3,"coeff Ip",4.1398796406143384E-3,"Lam_Rp",11994.905747868681,"Lam_Rm",1771.0553844772503,null,"Lam_Ip",-27.000723665201804,"Lam_Im",-463520.96948970202,"LamorHS",-463547.97021336725,{"$f":"AG176/AI176","v":0.99994175203991764}]
["T",{"$f":"B176+10","v":193},2388.2481907248202,40180.366920389315,null,null,null,null,"K",16.824200716004643,"kex",42568.615111114137,"R2HS",576.60287259046959,"R2LS",0.1,"coeff Rm",0.94521060988161731,"coeff Rp",5.4789390118382818E-2,"coeff Im",-1.0185456318038128E-2,"coeff Ip",1.0185456318038128E-2,"Lam_Rp",40199.090109609548,"Lam_Rm",2946.2278740950533,null,"Lam_Ip",-218.28688472945942,"Lam_Im",-436431.48070552974,"LamorHS",-436649.7675902592,0.99950008702412896]
["T",203,5035.7734511608951,119488.97627155788,null,null,null,null,"K",23.728028560143454,"kex",124524.74972271879,"R2HS",458.2630897703599,"R2LS",0.1,"coeff Rm",0.96829290642877408,"coeff Rp",3.1707093571225899E-2,"coeff Im",-2.0295313354911557E-2,"coeff Ip",2.0295313354911557E-2,"Lam_Rp",119867.1330450555,"Lam_Rm",5115.9797674336442,null,"Lam_Ip",-1358.6898846245604,"Lam_Im",-411042.94430647814,"LamorHS",-412401.6341911027,0.9967054207064685]
["T",213,9899.9185491061799,320773.99915554811,null,null,null,null,"K",32.401680636504771,"kex",330673.91770465428,"R2HS",380.46469465577866,"R2LS",0.1,"coeff Rm",0.99718134480128495,"coeff Rp",2.8186551987149887E-3,"coeff Im",-1.7801038996066623E-2,"coeff Ip",1.7801038996066623E-2,"Lam_Rp",324809.33474761667,"Lam_Rm",6245.1476516933471,null,"Lam_Ip",-4945.5600806729635,"Lam_Im",-385484.76074875274,"LamorHS",-390430.32082942571,0.98733305325732212]
["T",223,18317.589420025852,788146.01051061298,null,null,null,null,"K",43.026731980844929,"kex",806463.5999306388,"R2HS",307.84760802482521,"R2LS",0.1,"coeff Rm",1.002662793584628,"coeff Rp",-2.6627935846279187E-3,"coeff Im",-2.9338084027925085E-3,"coeff Ip",2.9338084027925085E-3,"Lam_Rp",803295.33603934385,"Lam_Rm",3476.2114993197611,null,"Lam_Ip",-7016.2369250784686,"Lam_Im",-363413.29192039906,"LamorHS",-370429.52884547756,0.98105918567845796]
["T",233,32148.909540286924,1792680.230454708,null,null,null,null,"K",55.761774072250809,"kex",1824829.139994995,"R2HS",253.45005510579065,"R2LS",0.1,"coeff Rm",1.0005825049411354,"coeff Rp",-5.8250494113536698E-4,"coeff Im",-2.2420260274918591E-4,"coeff Ip",2.2420260274918591E-4,"Lam_Rp",1823695.9348541996,"Lam_Rm",1386.7551959011471,null,"Lam_Ip",-5993.4982361409348,"Lam_Im",-346152.04480426817,"LamorHS",-352145.5430404091,0.98298005368918395]
["T",243,53871.286595292375,3810875.9163612719,null,null,null,null,"K",70.740391722782633,"kex",3864747.2029565643,"R2HS",208.55817428218319,"R2LS",0.1,"coeff Rm",1.0001013773290828,"coeff Rp",-1.0137732908275843E-4,"coeff Im",-1.7102901835700939E-5,"coeff Ip",1.7102901835700939E-5,"Lam_Rp",3864352.9350641337,"Lam_Rm",602.92606671294197,null,"Lam_Ip",-4641.6984303475474,"Lam_Im",-330724.71360376413,"LamorHS",-335366.41203411168,0.9861593222702475]
["T",253,86661.426256544335,7632305.0795528563,null,null,null,null,"K",88.070383897893606,"kex",7718966.5058094002,"R2HS",170.34943225645023,"R2LS",0.1,"coeff Rm",1.0000189781196742,"coeff Rp",-1.897811967429625E-5,"coeff Im",-1.5200973347222973E-6,"coeff Ip",1.5200973347222973E-6,"Lam_Rp",7718821.5590809798,"Lam_Rm",315.39616067707539,null,"Lam_Ip",-3585.897844657884,"Lam_Im",-316327.79670144076,"LamorHS",-319913.69454609865,0.98879104612965807]
["T",263,134460.05709209602,14499363.012627449,null,null,null,null,"K",107.83397929614419,"kex",14633823.069719546,"R2HS",144.45934239950543,"R2LS",0.1,"coeff Rm",1.0000039664590898,"coeff Rp",-3.9664590899094637E-6,"coeff Im",-1.5895779442293311E-7,"coeff Ip",1.5895779442293311E-7,"Lam_Rp",14633766.405009048,"Lam_Rm",201.22405289672315,null,"Lam_Ip",-2807.1420790340926,"Lam_Im",-302828.94657509821,"LamorHS",-305636.08865413227,0.99081541027633446]
["T",273,202015.69517294777,26279980.600499906,null,null,null,null,"K",130.08880610984872,"kex",26481996.295672853,"R2HS",125.57148378941896,"R2LS",0.1,"coeff Rm",1.0000009226447328,"coeff Rp",-9.2264473280106481E-7,"coeff Im",-1.9274490557743623E-8,"coeff Ip",1.9274490557743623E-8,"Lam_Rp",26481972.913956311,"Lam_Rm",149.05320033431053,null,"Lam_Ip",-2230.3382371269108,"Lam_Im",-290174.12297866284,"LamorHS",-292404.46121578978,0.99237242062636999]
["T",283,294905.45889921306,45671831.558059581,null,null,null,null,"K",154.86940027674561,"kex",45966737.016958795,"R2HS",109.20837750059813,"R2LS",0.1,"coeff Rm",1.0000002366827185,"coeff Rp",-2.3668271845073247E-7,"coeff Im",-2.6632390048714011E-9,"coeff Ip",2.6632390048714011E-9,"Lam_Rp",45966726.93671944,"Lam_Rm",119.38861685246229,null,"Lam_Ip",-1797.011152430292,"Lam_Im",-278310.91997048294,"LamorHS",-280107.9311229132,0.9935845759696047]
["T",293,419532.53963422158,76434242.744911432,null,null,null,null,"K",182.189068842079,"kex",76853775.28454566,"R2HS",94.858888705700963,"R2LS",0.1,"coeff Rm",1.0000000663371118,"coeff Rp",-6.63371117844289E-8,"coeff Im",-4.1192091088065131E-10,"coeff Ip",4.1192091088065131E-10,"Lam_Rp",76853770.803459316,"Lam_Rm",99.439975038170815,null,"Lam_Ip",-1466.5077236846846,"Lam_Im",-267184.24689630931,"LamorHS",-268650.75461999403,0.99454121122511241]
["T",303,583101.30391053238,123641942.78030454,null,null,null,null,"K",212.04195900627832,"kex",124225044.08421507,"R2HS",82.084217833638789,"R2LS",0.1,"coeff Rm",1.0000000201437282,"coeff Rp",-2.0143728174935429E-8,"coeff Im",-7.0066088606402191E-11,"coeff Ip",7.0066088606402191E-11,"Lam_Rp",124225042.06667,"Lam_Rm",84.201762899756432,null,"Lam_Ip",-1210.7899818206206,"Lam_Im",-256739.03740937434,"LamorHS",-257949.82739119497,0.99530610276399067]
["T",313,793572.07411385048,193953153.86817917,null,null,null,null,"K",244.40521560030794,"kex",194746725.94229302,"R2HS",71.945728186555328,"R2LS",0.1,"coeff Rm",1.0000000065776218,"coeff Rp",-6.5776218800872394E-9,"coeff Im",-1.2799387420756313E-11,"coeff Ip",1.2799387420756313E-11,"Lam_Rp",194746725.05408368,"Lam_Rm",72.933937519788742,null,"Lam_Ip",-1010.2982127528376,"Lam_Im",-246922.36726777721,"LamorHS",-247932.66548053003,0.9959251105101673]
["T",323,1059598.3848722733,295883459.14510345,null,null,null,null,"K",279.2411383118237,"kex",296943057.52997571,"R2HS",65.892021754256334,"R2LS",0.1,"coeff Rm",1.0000000022944362,"coeff Rp",-2.294436115582199E-9,"coeff Im",-2.3942707267474708E-12,"coeff Ip",2.3942707267474708E-12,"Lam_Rp",296943057.18342781,"Lam_Rm",66.338569730520248,null,"Lam_Ip",-851.18022197691607,"Lam_Im",-237684.58105133491,"LamorHS",-238535.76127331183,0.99643164522823213]
["T",333,1390449.9577259922,440076402.51530409,null,null,null,null,"K",316.49927426012937,"kex",441466852.47303009,"R2HS",58.579453836118574,"R2LS",0.1,"coeff Rm",1.0000000008500125,"coeff Rp",-8.500124565293725E-10,"coeff Im",-4.461777508254757E-13,"coeff Ip",4.461777508254757E-13,"Lam_Rp",441466852.3819654,"Lam_Rm",58.770518511533737,null,"Lam_Ip",-723.47640886798035,"Lam_Im",-228979.75928828982,"LamorHS",-229703.2356971578,0.99685038651426827]
["T",343,1795924.8162569162,639561874.64747965,null,null,null,null,"K",356.11840142643649,"kex",641357799.46373653,"R2HS",53.564887841936709,"R2LS",0.1,"coeff Rm",1.0000000003327121,"coeff Rp",-3.3271208217479012E-10,"coeff Im",-6.7706071673894718E-14,"coeff Ip",6.7706071673894718E-14,"Lam_Rp",641357799.50006104,"Lam_Rm",53.628563344478607,null,"Lam_Ip",-619.92251296788163,"Lam_Im",-220765.80367661628,"LamorHS",-221385.72618958415,0.99719980811935005]
["T",353,2286253.9284851812,909993934.38873994,null,null,null,null,"K",398.02837429859807,"kex",912280188.3172251,"R2HS",18.950648646121195,"R2LS",0.1,"coeff Rm",1.000000000136964,"coeff Rp",-1.3696399395477708E-10,"coeff Im",-3.9615977655181392E-14,"coeff Ip",3.9615977655181392E-14,"Lam_Rp",912280188.339517,"Lam_Rm",19.028356790542603,null,"Lam_Ip",-535.1485624191555,"Lam_Im",-213004.31511718762,"LamorHS",-213539.46367960676,0.99749391258553466]
["T",363,2872001.566506207,1269860706.3936214,null,null,null,null,"K",442.15181537606486,"kex",1272732707.9601276,"R2HS",18.102772793566498,"R2LS",0.1,"coeff Rm",1.0000000000590548,"coeff Rp",-5.9054834246691836E-11,"coeff Im",-8.7265683767205542E-15,"coeff Ip",8.7265683767205542E-15,"Lam_Rp",1272732708.0255909,"Lam_Rm",18.137309551239014,null,"Lam_Ip",-465.13518715376267,"Lam_Im",-205660.36694721266,"LamorHS",-206125.50213436643,0.9977434369724395]
["T",373,3563964.265480455,1740660267.4457786,null,null,null,null,"K",488.40564545085908,"kex",1744224231.7112591,"R2HS",17.459432037827806,"R2LS",0.1,"coeff Rm",1.0000000000265716,"coeff Rp",-2.6571719242710827E-11,"coeff Im",-1.4083779998120545E-15,"coeff Ip",1.4083779998120545E-15,"Lam_Rp",1744224231.8003824,"Lam_Rm",17.470308542251587,null,"Lam_Ip",-406.83853009564336,"Lam_Im",-198702.23350917737,"LamorHS",-199109.07203927301,0.99795670520720725]
["T",383,4373070.8891836759,2347037870.6255646,null,null,null,null,"K",536.70245237293364,"kex",2351410941.5147481,"R2HS",17.069048417404417,"R2LS",0.1,"coeff Rm",1.0000000000124356,"coeff Rp",-1.2435612417106223E-11,"coeff Im",1.6479387663215494E-16,"coeff Ip",-1.6479387663215494E-16,"Lam_Rp",2351410941.6170654,"Lam_Rm",17.066730976104736,null,"Lam_Ip",-357.92850823307526,"Lam_Im",-192101.10665240049,"LamorHS",-192459.03516063356,0.99814023536003738]
["T",393,5310285.903411868,3116881353.4425173,null,null,null,null,"K",586.95170281508115,"kex",3122191639.3459291,"R2HS",16.71825445873106,"R2LS",0.1,"coeff Rm",1.0000000000060356,"coeff Rp",-6.0356049802343919E-12,"coeff Im",3.6040130076861386E-16,"coeff Ip",-3.6040130076861386E-16,"Lam_Rp",3122191639.4553494,"Lam_Rm",16.708834171295166,null,"Lam_Ip",-316.60325666083372,"Lam_Im",-185830.81929396634,"LamorHS",-186147.42255062718,0.99829918001376183]